京都市の字 - Statistics

General Stats
  • This quiz has been taken 31 times
  • The average score is 6 of 4662
Answer Stats
地名 % Correct
上京区 新柳馬場頭町
40%
上京区 一町目
20%
上京区 亀屋町
20%
北区 紫野泉堂町
13%
上京区 櫛笥町
13%
上京区 玄武町
13%
上京区 西町
13%
上京区 百万遍町
13%
北区 出雲路立テ本町
7%
北区 上賀茂葵之森町
7%
北区 上賀茂朝露ケ原町
7%
北区 上賀茂深泥池町
7%
北区 上賀茂本山
7%
北区 衣笠鏡石町
7%
北区 衣笠御所ノ内町
7%
北区 金閣寺町
7%
北区 雲ケ畑出谷町
7%
北区 鞍馬口町
7%
北区 小山花ノ木町
7%
北区 紫竹牛若町
7%
北区 等持院北町
7%
北区 等持院南町
7%
北区 紫野下鳥田町
7%
北区 紫野大徳寺町
7%
北区 紫野東御所田町
7%
上京区 今出川町
7%
上京区 桜鶴円町
7%
上京区 大東町
7%
上京区 大宮町
7%
上京区 上之町
7%
上京区 烏丸町
7%
上京区 北町
7%
上京区 京都御苑
7%
上京区 講堂町
7%
上京区 革堂町
7%
上京区 幸神町
7%
上京区 栄町
7%
上京区 笹屋
7%
上京区 三町目
7%
上京区 下之町
7%
上京区 新ン町
7%
上京区 真町
7%
上京区 田中町
7%
上京区 中之町
7%
上京区 二町目
7%
上京区 東町
7%
上京区 堀川町
7%
上京区 松屋町
7%
上京区 南町
7%
上京区 四町目
7%
北区 出雲路俵町
0%
北区 出雲路松ノ下町
0%
北区 大北山鏡石町
0%
北区 大北山天神岡町
0%
北区 大北山蓮ケ谷町
0%
北区 大北山長谷町
0%
北区 大北山原谷乾町
0%
北区 大北山不動山町
0%
北区 大北山鷲峯町
0%
北区 大宮一ノ井町
0%
北区 大宮上ノ岸町
0%
北区 大宮北椿原町
0%
北区 大宮北ノ岸町
0%
北区 大宮北箱ノ井町
0%
北区 大宮北林町
0%
北区 大宮北山ノ前町
0%
北区 大宮玄琢北東町
0%
北区 大宮玄琢北町
0%
北区 大宮玄琢南町
0%
北区 大宮釈迦谷
0%
北区 大宮田尻町
0%
北区 大宮土居町
0%
北区 大宮中総門口町
0%
北区 大宮中ノ社町
0%
北区 大宮中林町
0%
北区 大宮西小野堀町
0%
北区 大宮西総門口町
0%
北区 大宮西野山町
0%
北区 大宮西山ノ前町
0%
北区 大宮西脇台町
0%
北区 大宮東小野堀町
0%
北区 大宮東総門口町
0%
北区 大宮東脇台町
0%
北区 大宮開町
0%
北区 大宮南田尻町
0%
北区 大宮南椿原町
0%
北区 大宮南箱ノ井町
0%
北区 大宮南林町
0%
北区 大宮南山ノ前町
0%
北区 大宮薬師山西町
0%
北区 大宮薬師山東町
0%
北区 大森芦堂町
0%
北区 大森稲荷
0%
北区 大森中町
0%
北区 大森西町
0%
北区 大森東町
0%
北区 小野岩戸
0%
北区 小野上ノ町
0%
北区 小野下ノ町
0%
北区 小野中ノ町
0%
北区 小野宮ノ上町
0%
北区 上賀茂葵田町
0%
北区 上賀茂赤尾町
0%
北区 上賀茂畔勝町
0%
北区 上賀茂荒草町
0%
北区 上賀茂池殿町
0%
北区 上賀茂池端町
0%
北区 上賀茂石計町
0%
北区 上賀茂壱町口町
0%
北区 上賀茂今井河原町
0%
北区 上賀茂岩ケ垣内町
0%
北区 上賀茂馬ノ目町
0%
北区 上賀茂梅ケ辻町
0%
北区 上賀茂烏帽子ケ垣内町
0%
北区 上賀茂大柳町
0%
北区 上賀茂岡本口町
0%
北区 上賀茂岡本町
0%
北区 上賀茂音保瀬町
0%
北区 上賀茂上神原町
0%
北区 上賀茂北大路町
0%
北区 上賀茂北ノ原町
0%
北区 上賀茂毛穴井町
0%
北区 上賀茂ケシ山
0%
北区 上賀茂神山
0%
北区 上賀茂榊田町
0%
北区 上賀茂坂口町
0%
北区 上賀茂桜井町
0%
北区 上賀茂下神原町
0%
北区 上賀茂十三石山
0%
北区 上賀茂菖蒲園町
0%
北区 上賀茂蝉ケ垣内町
0%
北区 上賀茂高縄手町
0%
北区 上賀茂竹ケ鼻町
0%
北区 上賀茂土門町
0%
北区 上賀茂津ノ国町
0%
北区 上賀茂豊田町
0%
北区 上賀茂中大路町
0%
北区 上賀茂中嶋河原町
0%
北区 上賀茂中ノ河原町
0%
北区 上賀茂中ノ坂町
0%
北区 上賀茂中山町
0%
北区 上賀茂二軒家町
0%
北区 上賀茂西上之段町
0%
北区 上賀茂西河原町
0%
北区 上賀茂西後藤町
0%
北区 上賀茂狭間町
0%
北区 上賀茂柊谷町
0%
北区 上賀茂東上之段町
0%
北区 上賀茂東後藤町
0%
北区 上賀茂備後田町
0%
北区 上賀茂藤ノ木町
0%
北区 上賀茂舟着町
0%
北区 上賀茂前田町
0%
北区 上賀茂松本町
0%
北区 上賀茂御薗口町
0%
北区 上賀茂南大路町
0%
北区 上賀茂向梅町
0%
北区 上賀茂向縄手町
0%
北区 上賀茂女夫岩町
0%
北区 上賀茂薮田町
0%
北区 上賀茂山本町
0%
北区 上賀茂六段田町
0%
北区 上御霊上江町
0%
北区 上清蔵口町
0%
北区 北野上白梅町
0%
北区 北野紅梅町
0%
北区 北野下白梅町
0%
北区 北野西白梅町
0%
北区 北野東紅梅町
0%
北区 衣笠赤阪町
0%
北区 衣笠荒見町
0%
北区 衣笠大祓町
0%
北区 衣笠街道町
0%
北区 衣笠北荒見町
0%
北区 衣笠北高橋町
0%
北区 衣笠北天神森町
0%
北区 衣笠衣笠山町
0%
北区 衣笠総門町
0%
北区 衣笠高橋町
0%
北区 衣笠天神森町
0%
北区 衣笠西御所ノ内町
0%
北区 衣笠西尊上院町
0%
北区 衣笠西馬場町
0%
北区 衣笠西開キ町
0%
北区 衣笠馬場町
0%
北区 衣笠東御所ノ内町
0%
北区 衣笠東尊上院町
0%
北区 衣笠東開キ町
0%
北区 衣笠氷室町
0%
北区 衣笠開キ町
0%
北区 雲ケ畑中津川町
0%
北区 雲ケ畑中畑町
0%
北区 小松原北町
0%
北区 小松原南町
0%
北区 小山板倉町
0%
北区 小山上板倉町
0%
北区 小山上内河原町
0%
北区 小山上初音町
0%
北区 小山上花ノ木町
0%
北区 小山上総町
0%
北区 小山北大野町
0%
北区 小山北上総町
0%
北区 小山北玄以町
0%
北区 小山下板倉町
0%
北区 小山下内河原町
0%
北区 小山下初音町
0%
北区 小山下花ノ木町
0%
北区 小山下総町
0%
北区 小山中溝町
0%
北区 小山西大野町
0%
北区 小山西上総町
0%
北区 小山西玄以町
0%
北区 小山西花池町
0%
北区 小山西元町
0%
北区 小山初音町
0%
北区 小山東大野町
0%
北区 小山東玄以町
0%
北区 小山東花池町
0%
北区 小山東元町
0%
北区 小山堀池町
0%
北区 小山南大野町
0%
北区 小山南上総町
0%
北区 小山元町
0%
上京区 | 北区 小山町
0%
北区 紫竹上梅ノ木町
0%
北区 紫竹上高才町
0%
北区 紫竹上芝本町
0%
北区 紫竹上園生町
0%
北区 紫竹上竹殿町
0%
北区 紫竹上長目町
0%
北区 紫竹上ノ岸町
0%
北区 紫竹上堀川町
0%
北区 紫竹上本町
0%
北区 紫竹上緑町
0%
北区 紫竹北栗栖町
0%
北区 紫竹北大門町
0%
北区 紫竹栗栖町
0%
北区 紫竹下梅ノ木町
0%
北区 紫竹下高才町
0%
北区 紫竹下芝本町
0%
北区 紫竹下園生町
0%
北区 紫竹下竹殿町
0%
北区 紫竹下長目町
0%
北区 紫竹下ノ岸町
0%
北区 紫竹下本町
0%
北区 紫竹下緑町
0%
北区 紫竹西南町
0%
北区 紫竹西北町
0%
北区 紫竹大門町
0%
北区 紫竹高縄町
0%
北区 紫竹竹殿町
0%
北区 紫竹西栗栖町
0%
北区 紫竹西大門町
0%
北区 紫竹西高縄町
0%
北区 紫竹西野山町
0%
北区 紫竹西野山東町
0%
北区 紫竹西桃ノ本町
0%
北区 紫竹東栗栖町
0%
北区 紫竹東大門町
0%
北区 紫竹東高縄町
0%
北区 紫竹東桃ノ本町
0%
北区 紫竹桃ノ本町
0%
北区 上善寺門前町
0%
上京区 | 北区 新御霊口町
0%
北区 杉阪北尾
0%
北区 杉阪道風町
0%
北区 杉阪都町
0%
北区 大将軍一条町
0%
北区 大将軍川端町
0%
北区 大将軍坂田町
0%
北区 大将軍西鷹司町
0%
北区 大将軍西町
0%
北区 大将軍東鷹司町
0%
北区 大将軍南一条町
0%
北区 鷹峯大谷町
0%
北区 鷹峯上ノ町
0%
北区 鷹峯北鷹峯町
0%
北区 鷹峯木ノ畑町
0%
北区 鷹峯旧土居町
0%
北区 鷹峯黒門町
0%
北区 鷹峯光悦町
0%
北区 鷹峯千束町
0%
北区 鷹峯土天井町
0%
北区 鷹峯堂ノ庭町
0%
北区 鷹峯藤林町
0%
北区 鷹峯仏谷
0%
北区 鷹峯堀越町
0%
北区 鷹峯南鷹峯町
0%
北区 長乗西町
0%
北区 長乗東町
0%
北区 天寧寺門前町
0%
北区 等持院中町
0%
北区 等持院西町
0%
北区 等持院東町
0%
北区 中川川登
0%
北区 中川北山町
0%
北区 中川中山
0%
北区 中川西山
0%
北区 中川東山
0%
北区 西賀茂井ノ口町
0%
北区 西賀茂今原町
0%
北区 西賀茂大栗町
0%
北区 西賀茂大道口町
0%
北区 西賀茂大深町
0%
北区 西賀茂蛙ケ谷
0%
北区 西賀茂柿ノ木町
0%
北区 西賀茂笠松
0%
北区 西賀茂蟹ケ坂町
0%
北区 西賀茂鹿ノ下町
0%
北区 西賀茂上庄田町
0%
北区 西賀茂川上町
0%
北区 西賀茂北今原町
0%
北区 西賀茂北川上町
0%
北区 西賀茂北鎮守菴町
0%
北区 西賀茂北山ノ森町
0%
北区 西賀茂下庄田町
0%
北区 西賀茂城山
0%
北区 西賀茂神光院町
0%
北区 西賀茂角社町
0%
北区 西賀茂鎮守菴町
0%
北区 西賀茂中川上町
0%
北区 西賀茂西氷室町
0%
北区 西賀茂榿ノ木町
0%
北区 西賀茂樋ノ口町
0%
北区 西賀茂氷室町
0%
北区 西賀茂船山
0%
北区 西賀茂坊ノ後町
0%
北区 西賀茂蓬来谷
0%
北区 西賀茂丸川町
0%
北区 西賀茂円峰
0%
北区 西賀茂水垣町
0%
北区 西賀茂南今原町
0%
北区 西賀茂南大栗町
0%
北区 西賀茂南川上町
0%
北区 西賀茂山ノ森町
0%
北区 西賀茂鑓磨岩
0%
北区 平野上八丁柳町
0%
北区 平野上柳町
0%
北区 平野桜木町
0%
北区 平野鳥居前町
0%
北区 平野八丁柳町
0%
北区 平野東柳町
0%
北区 平野宮北町
0%
北区 平野宮敷町
0%
北区 平野宮西町
0%
北区 平野宮本町
0%
北区 真弓善福
0%
北区 真弓八幡町
0%
北区 紫野今宮町
0%
北区 紫野上野町
0%
北区 紫野雲林院町
0%
北区 紫野上柏野町
0%
北区 紫野上御所田町
0%
北区 紫野上石龍町
0%
北区 紫野上築山町
0%
北区 紫野上鳥田町
0%
北区 紫野上御輿町
0%
北区 紫野上門前町
0%
北区 紫野上柳町
0%
北区 紫野上若草町
0%
北区 紫野北花ノ坊町
0%
北区 紫野北舟岡町
0%
北区 紫野郷ノ上町
0%
北区 紫野下柏野町
0%
北区 紫野下石龍町
0%
北区 紫野下築山町
0%
北区 紫野下御輿町
0%
北区 紫野下門前町
0%
北区 紫野下柳町
0%
北区 紫野下若草町
0%
北区 紫野十二坊町
0%
北区 紫野石龍町
0%
北区 紫野中柏野町
0%
北区 紫野西御所田町
0%
北区 紫野西泉堂町
0%
北区 紫野西土居町
0%
北区 紫野西野町
0%
北区 紫野西藤ノ森町
0%
北区 紫野西舟岡町
0%
北区 紫野西蓮台野町
0%
北区 紫野花ノ坊町
0%
北区 紫野東泉堂町
0%
北区 紫野東野町
0%
北区 紫野東藤ノ森町
0%
北区 紫野東舟岡町
0%
北区 紫野東蓮台野町
0%
北区 紫野南花ノ坊町
0%
北区 紫野南舟岡町
0%
北区 紫野宮西町
0%
北区 紫野宮東町
0%
北区 紫野門前町
0%
上京区 | 中京区 相生町
0%
上京区 愛染寺町
0%
上京区 飛鳥井町
0%
上京区 油橋詰町
0%
上京区 尼ケ崎横町
0%
上京区 阿弥陀寺町
0%
上京区 阿弥陀寺前町
0%
上京区 有春町
0%
上京区 有馬町
0%
上京区 安楽小路町
0%
上京区 家永町
0%
上京区 伊佐町
0%
上京区 石薬師町
0%
上京区 伊勢殿構町
0%
上京区 | 中京区 伊勢屋町
0%
上京区 井田町
0%
上京区 一観音町
0%
上京区 一条殿町
0%
上京区 一条横町
0%
上京区 一番町
0%
上京区 一松町
0%
上京区 一色町
0%
上京区 一真町
0%
上京区 五辻町
0%
上京区 | 下京区 糸屋町
0%
上京区 稲葉町
0%
上京区 戌亥町
0%
上京区 猪熊
0%
上京区 射場町
0%
上京区 今薬屋町
0%
上京区 今新在家町
0%
上京区 今図子町
0%
上京区 浮田町
0%
上京区 内構町
0%
上京区 靭屋町
0%
上京区 姥ケ榎木町
0%
上京区 姥ケ北町
0%
上京区 姥ケ寺之前町
0%
上京区 姥ケ東西町
0%
上京区 姥ケ西町
0%
上京区 | 中京区 梅屋町
0%
上京区 裏築地町
0%
上京区 裏風呂町
0%
上京区 | 伏見区 榎町
0%
上京区 夷川町
0%
上京区 | 下京区 蛭子町
0%
上京区 閻魔前町
0%
上京区 老松町
0%
上京区 正親町
0%
上京区 扇町
0%
上京区 大猪熊町
0%
上京区 大上之町
0%
上京区 大北小路東町
0%
上京区 大原口町
0%
上京区 大原口突抜町
0%
上京区 大峰図子町
0%
上京区 岡松町
0%
上京区 小川町
0%
上京区 | 伏見区 表町
0%
上京区 | 南区 戒光寺町
0%
上京区 甲斐守町
0%
上京区 鏡石町
0%
上京区 | 伏見区 加賀屋町
0%
上京区 勘解由小路町
0%
上京区 梶井町
0%
上京区 | 中京区 | 左京区 頭町
0%
上京区 柏清盛町
0%
上京区 春日町
0%
上京区 | 伏見区 片原町
0%
上京区 上生洲町
0%
上京区 上小川町
0%
上京区 上鍛冶町
0%
上京区 上片原町
0%
上京区 上木下町
0%
上京区 上御霊竪町
0%
上京区 上御霊中町
0%
上京区 上御霊馬場町
0%
上京区 上御霊前町
0%
上京区 上立売町
0%
上京区 上立売東町
0%
上京区 上天神町
0%
上京区 上塔之段町
0%
上京区 上堀川町
0%
上京区 上神輿町
0%
上京区 紙屋川町
0%
上京区 上柳原町
0%
上京区 亀木町
0%
上京区 川瀬町
0%
上京区 歓喜寺前町
0%
上京区 歓喜町
0%
上京区 観三橘町
0%
上京区 岩栖院町
0%
上京区 観世町
0%
上京区 観音寺門前町
0%
上京区 勘兵衛町
0%
上京区 | 下京区 | 中京区 | 伏見区 菊屋町
0%
上京区 北伊勢殿構町
0%
上京区 北伊勢屋町
0%
上京区 北猪熊町
0%
上京区 北蟹屋町
0%
上京区 北兼康町
0%
上京区 北玄蕃町
0%
上京区 北小路中之町
0%
上京区 北小路室町
0%
上京区 北小大門町
0%
上京区 北新在家町
0%
上京区 北俵町
0%
上京区 北仲之町
0%
上京区 北之御門町
0%
上京区 北之辺町
0%
上京区 北舟橋町
0%
上京区 北横町
0%
上京区 木下突抜町
0%
上京区 木屋之町
0%
上京区 九軒町
0%
上京区 清元町
0%
上京区 桐木町
0%
上京区 錦砂町
0%
上京区 金馬場町
0%
上京区 | 中京区 薬屋町
0%
上京区 花開院町
0%
上京区 継孝院町
0%
上京区 玄蕃町
0%
上京区 幸在町
0%
上京区 | 下京区 荒神町
0%
上京区 高台院竪町
0%
上京区 高台院町
0%
上京区 革堂内町
0%
上京区 革堂仲之町
0%
上京区 革堂西町
0%
上京区 革堂之内町
0%
上京区 革堂前之町
0%
上京区 高徳寺町
0%
上京区 御三軒町
0%
上京区 | 下京区 | 東山区 小島町
0%
上京区 | 中京区 御所八幡町
0%
上京区 五町目
0%
上京区 五町目町
0%
上京区 小寺町
0%
上京区 小伝馬町
0%
上京区 後藤町
0%
上京区 近衛町
0%
上京区 近衛殿表町
0%
上京区 近衛殿北口町
0%
上京区 五番町
0%
上京区 駒之町
0%
上京区 | 下京区 | 中京区 米屋町
0%
上京区 御霊町
0%
上京区 坤高町
0%
上京区 西院町
0%
上京区 皀莢町
0%
上京区 西東町
0%
上京区 作庵町
0%
上京区 桜井町
0%
上京区 | 下京区 桜木町
0%
上京区 | 下京区 佐竹町
0%
上京区 左馬松町
0%
上京区 三栄町
0%
上京区 | 下京区 三軒町
0%
上京区 | 左京区 讃州寺町
0%
上京区 三条殿町
0%
上京区 三助町
0%
上京区 三丁町
0%
上京区 | 下京区 山王町
0%
上京区 三番町
0%
上京区 慈眼庵町
0%
上京区 七番町
0%
上京区 実相院町
0%
上京区 仕丁町
0%
上京区 信濃町
0%
上京区 芝大宮町
0%
上京区 芝之町
0%
上京区 芝薬師町
0%
上京区 下石橋町
0%
上京区 下石橋南半町
0%
上京区 下小川町
0%
上京区 下鏡石町
0%
上京区 下木下町
0%
上京区 下清蔵口町
0%
上京区 下竪町
0%
上京区 下天神町
0%
上京区 下塔之段町
0%
上京区 下堀川町
0%
上京区 | 中京区 下丸屋町
0%
上京区 下御輿町
0%
上京区 下柳原北半町
0%
上京区 下柳原南半町
0%
上京区 下山里町
0%
上京区 下横町
0%
上京区 社家長屋町
0%
上京区 十念寺前町
0%
上京区 十四軒町
0%
上京区 主計町
0%
上京区 主税町
0%
上京区 | 伏見区 聚楽町
0%
上京区 常泉院町
0%
上京区 上善寺町
0%
上京区 聖天町
0%
上京区 紹巴町
0%
上京区 白竹町
0%
上京区 | 伏見区 白銀町
0%
上京区 新猪熊町
0%
上京区 新猪熊東町
0%
上京区 新夷町
0%
上京区 新烏丸頭町
0%
上京区 新北小路町
0%
上京区 新御幸町
0%
上京区 真盛町
0%
上京区 新建町
0%
上京区 信富町
0%
上京区 真如堂突抜町
0%
上京区 真如堂前町
0%
上京区 新白水丸町
0%
上京区 新桝屋町
0%
上京区 新美濃部町
0%
上京区 | 下京区 | 中京区 神明町
0%
上京区 新元町
0%
上京区 瑞光院前町
0%
上京区 末之口町
0%
上京区 末広町
0%
上京区 | 伏見区 | 左京区 杉本町
0%
上京区 杉若町
0%
上京区 筋違橋町
0%
上京区 硯屋町
0%
上京区 須浜池町
0%
上京区 | 下京区 須浜町
0%
上京区 須浜東町
0%
上京区 | 中京区 晴明町
0%
上京区 青龍町
0%
上京区 清和院町
0%
上京区 禅昌院町
0%
上京区 相国寺門前町
0%
上京区 染殿町
0%
上京区 | 下京区 | 中京区 | +2 others 大黒町
0%
上京区 大黒屋町
0%
上京区 大心院町
0%
上京区 泰童片原町
0%
上京区 泰童町
0%
上京区 | 中京区 | 左京区 大文字町
0%
上京区 大門町
0%
上京区 高島町
0%
上京区 鷹司町
0%
上京区 滝ケ鼻町
0%
上京区 竹園町
0%
上京区 | 下京区 | 中京区 竹屋町
0%
上京区 | 下京区 | 中京区 橘町
0%
上京区 龍前町
0%
上京区 竪亀屋町
0%
上京区 竪神明町
0%
上京区 竪富田町
0%
上京区 竪門前町
0%
上京区 竪社北半町
0%
上京区 竪社南半町
0%
上京区 田畑町
0%
上京区 | 下京区 玉屋町
0%
上京区 田丸町
0%
上京区 田村備前町
0%
上京区 | 東山区 多門町
0%
上京区 | 下京区 | 中京区 俵屋町
0%
上京区 | 伏見区 弾正町
0%
上京区 丹波屋町
0%
上京区 智恵光院前之町
0%
上京区 | 東山区 茶屋町
0%
上京区 中書町
0%
上京区 丁子風呂町
0%
上京区 | 中京区 突抜町
0%
上京区 築山北半町
0%
上京区 築山南半町
0%
上京区 土田町
0%
上京区 土御門町
0%
上京区 鶴山町
0%
上京区 出水町
0%
上京区 寺今町
0%
上京区 寺之内竪町
0%
上京区 天神北町
0%
上京区 天秤町
0%
上京区 天秤丸町
0%
上京区 天満屋町
0%
上京区 藤五郎町
0%
上京区 東西俵屋町
0%
上京区 東西町
0%
上京区 道正町
0%
上京区 常盤井図子町
0%
上京区 常盤井殿町
0%
上京区 徳大寺殿町
0%
上京区 | 下京区 徳屋町
0%
上京区 百々町
0%
上京区 富小路町
0%
上京区 鳥居前町
0%
上京区 内藤町
0%
上京区 直家町
0%
上京区 中猪熊町
0%
上京区 中小川町
0%
上京区 長尾町
0%
上京区 中御霊図子町
0%
上京区 仲御霊町
0%
上京区 中御霊町
0%
上京区 中務町
0%
上京区 中出水町
0%
上京区 長門町
0%
上京区 仲之町
0%
上京区 中橋詰町
0%
上京区 中御門横町
0%
上京区 中宮町
0%
上京区 中村町
0%
上京区 中社町
0%
上京区 梨木町
0%
上京区 | 下京区 | 伏見区 納屋町
0%
上京区 | 下京区 奈良物町
0%
上京区 西石屋町
0%
上京区 西五辻北町
0%
上京区 西五辻東町
0%
上京区 西今小路町
0%
上京区 西今町
0%
上京区 西今出川町
0%
上京区 西裏辻町
0%
上京区 西大路町
0%
上京区 西上之町
0%
上京区 西亀屋町
0%
上京区 西川端町
0%
上京区 西北小路町
0%
上京区 西熊町
0%
上京区 西上善寺町
0%
上京区 西神明町
0%
上京区 西千本町
0%
上京区 西鷹司町
0%
上京区 西辰巳町
0%
上京区 西出水町
0%
上京区 西天秤町
0%
上京区 西富仲町
0%
上京区 西中筋町
0%
上京区 西之口町
0%
上京区 | 下京区 西橋詰町
0%
上京区 西日野殿町
0%
上京区 西船橋町
0%
上京区 西丸太町
0%
上京区 西無車小路町
0%
上京区 西社町
0%
上京区 | 伏見区 西柳町
0%
上京区 西山崎町
0%
上京区 西芦山寺町
0%
上京区 西若宮北半町
0%
上京区 西若宮南半町
0%
上京区 二神町
0%
上京区 二番町
0%
上京区 二本松町
0%
上京区 如水町
0%
上京区 秤口町
0%
上京区 馬喰町
0%
上京区 | 下京区 橋詰町
0%
上京区 橋西二町目
0%
上京区 橋之上町
0%
上京区 | 下京区 | 中京区 | 東山区 橋本町
0%
上京区 長谷町
0%
上京区 畠山町
0%
上京区 畠中町
0%
上京区 | 下京区 | 伏見区 八幡町
0%
上京区 花車町
0%
上京区 | 中京区 花立町
0%
上京区 針屋町
0%
上京区 春帯町
0%
上京区 般舟院前町
0%
上京区 東石橋町
0%
上京区 東石屋町
0%
上京区 東今小路町
0%
上京区 東今町
0%
上京区 | 下京区 | 中京区 東魚屋町
0%
上京区 東裏辻町
0%
上京区 東桜町
0%
上京区 東上善寺町
0%
上京区 東神明町
0%
上京区 東千本町
0%
上京区 東立売町
0%
上京区 東辰巳町
0%
上京区 東竪町
0%
上京区 東長者町
0%
上京区 東土御門町
0%
上京区 東天秤町
0%
上京区 | 東山区 東橋詰町
0%
上京区 東日野殿町
0%
上京区 東堀町
0%
上京区 東社町
0%
上京区 | 伏見区 東柳町
0%
上京区 東若宮町
0%
上京区 挽木町
0%
上京区 庇町
0%
上京区 菱丸町
0%
上京区 | 下京区 | 中京区 | 伏見区 菱屋町
0%
上京区 | 下京区 | 中京区 | 東山区 毘沙門町
0%
上京区 毘沙門横町
0%
上京区 常陸町
0%
上京区 飛弾殿町
0%
上京区 | 中京区 樋之口町
0%
上京区 瓢箪図子町
0%
上京区 広橋殿町
0%
上京区 武衛陣町
0%
上京区 | 下京区 福島町
0%
上京区 福大明神町
0%
上京区 | 中京区 福長町
0%
上京区 | 下京区 | 左京区 福本町
0%
上京区 | 東山区 袋町
0%
上京区 | 中京区 藤木町
0%
上京区 不動前町
0%
上京区 古木町
0%
上京区 古美濃部町
0%
上京区 | 伏見区 風呂屋町
0%
上京区 分銅町
0%
上京区 | 下京区 | 中京区 | 東山区 弁財天町
0%
上京区 弁天町
0%
上京区 宝鏡院東町
0%
上京区 鳳瑞町
0%
上京区 木瓜原町
0%
上京区 牡丹鉾町
0%
上京区 堀川上之町
0%
上京区 堀川下之町
0%
上京区 堀出シ町
0%
上京区 | 下京区 | 中京区 堀之上町
0%
上京区 堀松町
0%
上京区 本法寺前町
0%
上京区 本満寺前町
0%
上京区 前之町
0%
上京区 蒔鳥屋町
0%
上京区 真倉町
0%
上京区 | 下京区 | 中京区 | +2 others 桝屋町
0%
上京区 松蔭町
0%
上京区 松永町
0%
上京区 松之木町
0%
上京区 松之下町
0%
上京区 | 下京区 | 中京区 丸屋町
0%
上京区 曼陀羅町
0%
上京区 水落町
0%
上京区 溝前町
0%
上京区 南伊勢屋町
0%
上京区 南蟹屋町
0%
上京区 南兼康町
0%
上京区 南小大門町
0%
上京区 南佐竹町
0%
上京区 南清水町
0%
上京区 南上善寺町
0%
上京区 南新在家町
0%
上京区 南俵町
0%
上京区 南辻町
0%
上京区 南舟橋町
0%
上京区 | 下京区 | 左京区 南門前町
0%
上京区 宮垣町
0%
上京区 妙顕寺前町
0%
上京区 妙蓮寺前町
0%
上京区 三芳町
0%
上京区 武者小路町
0%
上京区 村雲町
0%
上京区 室町頭町
0%
上京区 元伊佐町
0%
上京区 元観音町
0%
上京区 元北小路町
0%
上京区 元浄花院町
0%
上京区 元新在家町
0%
上京区 元真如堂町
0%
上京区 元図子町
0%
上京区 元頂妙寺町
0%
上京区 元土御門町
0%
上京区 元中之町
0%
上京区 元百万遍町
0%
上京区 元福大明神町
0%
上京区 元本満寺町
0%
上京区 元妙蓮寺町
0%
上京区 元四丁目
0%
上京区 森中町
0%
上京区 森之木町
0%
上京区 門跡町
0%
上京区 紋屋町
0%
上京区 | 中京区 | 東山区 薬師町
0%
上京区 | 下京区 薬師前町
0%
上京区 役人町
0%
上京区 社突抜町
0%
上京区 社横町
0%
上京区 柳図子町
0%
上京区 柳風呂町
0%
上京区 | 下京区 藪之内町
0%
上京区 藪之下町
0%
上京区 山里町
0%
上京区 山名町
0%
上京区 | 中京区 山本町
0%
上京区 行衛町
0%
上京区 養安町
0%
上京区 横大宮町
0%
上京区 横神明町
0%
上京区 | 中京区 吉野町
0%
上京区 四番町
0%
上京区 利生町
0%
上京区 立本寺前町
0%
上京区 両御霊町
0%
上京区 六町目
0%
上京区 六番町
0%
上京区 | 下京区 | 中京区 | 東山区 若松町
0%
上京区 若宮竪町
0%
上京区 若宮横町
0%
上京区 和水町
0%
上京区 藁屋町
0%
左京区 秋築町
0%
左京区 粟田口鳥居町
0%
左京区 粟田口如意ケ嶽町
0%
左京区 粟田口山下町
0%
左京区 石原町
0%
左京区 一乗寺青城町
0%
左京区 一乗寺赤ノ宮町
0%
左京区 一乗寺庵野町
0%
左京区 一乗寺稲荷町
0%
左京区 一乗寺梅ノ木町
0%
左京区 一乗寺大谷
0%
左京区 一乗寺大原田町
0%
左京区 一乗寺月輪寺町
0%
左京区 一乗寺河原田町
0%
左京区 一乗寺北大丸町
0%
左京区 一乗寺木ノ本町
0%
左京区 一乗寺御祭田町
0%
左京区 一乗寺小谷町
0%
左京区 一乗寺才形町
0%
左京区 一乗寺下リ松町
0%
左京区 一乗寺里ノ西町
0%
左京区 一乗寺里ノ前町
0%
左京区 一乗寺地蔵本町
0%
左京区 一乗寺清水町
0%
左京区 一乗寺釈迦堂町
0%
左京区 一乗寺染殿町
0%
左京区 一乗寺大新開町
0%
左京区 一乗寺高槻町
0%
左京区 一乗寺竹ノ内町
0%
左京区 一乗寺谷田町
0%
左京区 一乗寺塚本町
0%
左京区 一乗寺築田町
0%
左京区 一乗寺出口町
0%
左京区 一乗寺堂ノ前町
0%
左京区 一乗寺燈籠本町
0%
左京区 一乗寺中ノ田町
0%
左京区 一乗寺西浦畑町
0%
左京区 一乗寺西杉ノ宮町
0%
左京区 一乗寺西閉川原町
0%
左京区 一乗寺西水干町
0%
左京区 一乗寺野田町
0%
左京区 一乗寺花ノ木町
0%
左京区 一乗寺馬場町
0%
左京区 一乗寺葉山町
0%
左京区 一乗寺払殿町
0%
左京区 一乗寺東浦町
0%
左京区 一乗寺東杉ノ宮町
0%
左京区 一乗寺東閉川原町
0%
左京区 一乗寺東水干町
0%
左京区 一乗寺樋ノ口町
0%
左京区 一乗寺堀ノ内町
0%
左京区 一乗寺松田町
0%
左京区 一乗寺松原町
0%
左京区 一乗寺水掛町
0%
左京区 一乗寺南大丸町
0%
左京区 一乗寺宮ノ東町
0%
左京区 一乗寺向畑町
0%
左京区 一乗寺門口町
0%
左京区 一乗寺薬師堂町
0%
左京区 一乗寺病ダレ
0%
左京区 岩倉上蔵町
0%
左京区 岩倉大鷺町
0%
左京区 岩倉北池田町
0%
左京区 岩倉北桑原町
0%
左京区 岩倉北平岡町
0%
左京区 岩倉北四ノ坪町
0%
左京区 岩倉木野町
0%
左京区 岩倉下在地町
0%
左京区 岩倉忠在地町
0%
左京区 岩倉中大鷺町
0%
左京区 岩倉中河原町
0%
左京区 岩倉中在地町
0%
左京区 岩倉長谷町
0%
左京区 岩倉中町
0%
左京区 岩倉西河原町
0%
左京区 岩倉西五田町
0%
左京区 岩倉西宮田町
0%
左京区 岩倉幡枝町
0%
左京区 岩倉花園町
0%
左京区 岩倉東五田町
0%
左京区 岩倉東宮田町
0%
左京区 岩倉三笠町
0%
左京区 岩倉南池田町
0%
左京区 岩倉南大鷺町
0%
左京区 岩倉南河原町
0%
左京区 岩倉南木野町
0%
左京区 岩倉南桑原町
0%
左京区 岩倉南平岡町
0%
左京区 岩倉南三宅町
0%
左京区 岩倉南四ノ坪町
0%
左京区 岩倉三宅町
0%
左京区 岩倉村松町
0%
左京区 永観堂町
0%
左京区 永観堂西町
0%
左京区 大菊町
0%
左京区 大原井出町
0%
左京区 大原上野町
0%
左京区 大原大長瀬町
0%
左京区 大原大見町
0%
左京区 大原尾越町
0%
左京区 大原草生町
0%
左京区 大原古知平町
0%
左京区 大原小出石町
0%
左京区 大原勝林院町
0%
左京区 大原戸寺町
0%
左京区 大原野村町
0%
左京区 大原百井町
0%
左京区 大原来迎院町
0%
左京区 岡崎入江町
0%
左京区 岡崎円勝寺町
0%
左京区 岡崎北御所町
0%
左京区 岡崎最勝寺町
0%
左京区 岡崎真如堂前町
0%
左京区 岡崎成勝寺町
0%
左京区 岡崎天王町
0%
左京区 岡崎徳成町
0%
左京区 岡崎西天王町
0%
左京区 岡崎西福ノ川町
0%
左京区 岡崎東天王町
0%
左京区 岡崎東福ノ川町
0%
左京区 岡崎法勝寺町
0%
左京区 岡崎南御所町
0%
左京区 上高野池ノ内町
0%
左京区 上高野石田町
0%
左京区 上高野市川町
0%
左京区 上高野稲荷町
0%
左京区 上高野植ノ町
0%
左京区 上高野上畑町
0%
左京区 上高野大塚町
0%
左京区 上高野大橋町
0%
左京区 上高野大湯手町
0%
左京区 上高野奥小森町
0%
左京区 上高野奥東野町
0%
左京区 上高野小野町
0%
左京区 上高野尾保地町
0%
左京区 上高野鐘突町
0%
左京区 上高野釜土町
0%
左京区 上高野上荒蒔町
0%
左京区 上高野掃部林町
0%
左京区 上高野川原町
0%
左京区 上高野北川原町
0%
左京区 上高野北田町
0%
左京区 上高野木ノ下町
0%
左京区 上高野口小森町
0%
左京区 上高野車地町
0%
左京区 上高野西明寺山
0%
左京区 上高野鷺町
0%
左京区 上高野薩田町
0%
左京区 上高野沢渕町
0%
左京区 上高野三反田町
0%
左京区 上高野下荒蒔町
0%
左京区 上高野下東野町
0%
左京区 上高野水車町
0%
左京区 上高野大明神町
0%
左京区 上高野鳥脇町
0%
左京区 上高野仲町
0%
左京区 上高野流田町
0%
左京区 上高野西氷室町
0%
左京区 上高野野上町
0%
左京区 上高野畑ケ田町
0%
左京区 上高野畑町
0%
左京区 上高野八幡町
0%
左京区 上高野東田町
0%
左京区 上高野東氷室町
0%
左京区 上高野深田町
0%
左京区 上高野古川町
0%
左京区 上高野防山
0%
左京区 上高野前田町
0%
左京区 上高野松田町
0%
左京区 上高野三宅町
0%
左京区 上高野諸木町
0%
左京区 上高野山ノ橋町
0%
左京区 上高野隣好町
0%
左京区 上高野東山
0%
左京区 賀茂今井町
0%
左京区 賀茂半木町
0%
左京区 菊鉾町
0%
左京区 北白川伊織町
0%
左京区 北白川岩坂町
0%
左京区 北白川瓜生山町
0%
左京区 北白川追分町
0%
左京区 北白川小倉町
0%
左京区 北白川重石町
0%
左京区 北白川上池田町
0%
左京区 北白川上終町
0%
左京区 北白川上別当町
0%
左京区 北白川清沢口町
0%
左京区 北白川久保田町
0%
左京区 北白川小亀谷町
0%
左京区 北白川地蔵谷町
0%
左京区 北白川仕伏町
0%
左京区 北白川下池田町
0%
左京区 北白川下別当町
0%
左京区 北白川瀬ノ内町
0%
左京区 北白川大堂町
0%
左京区 北白川蔦町
0%
左京区 北白川堂ノ前町
0%
左京区 北白川外山町
0%
左京区 北白川中山町
0%
左京区 北白川西伊織町
0%
左京区 北白川西瀬ノ内町
0%
左京区 北白川西蔦町
0%
左京区 北白川西平井町
0%
左京区 北白川西町
0%
左京区 北白川東伊織町
0%
左京区 北白川東小倉町
0%
左京区 北白川東久保田町
0%
左京区 北白川東瀬ノ内町
0%
左京区 北白川東蔦町
0%
左京区 北白川東平井町
0%
左京区 北白川平井町
0%
左京区 北白川琵琶町
0%
左京区 北白川別当町
0%
左京区 北白川丸山町
0%
左京区 北白川南ケ原町
0%
左京区 北白川向ケ谷町
0%
左京区 北白川山田町
0%
左京区 北白川山ノ元町
0%
下京区 | 左京区 北門前町
0%
左京区 銀閣寺町
0%
左京区 銀閣寺前町
0%
左京区 久多上の町
0%
左京区 久多中の町
0%
左京区 久多下の町
0%
左京区 久多川合町
0%
左京区 久多宮の町
0%
左京区 鞍馬貴船町
0%
左京区 鞍馬二ノ瀬町
0%
左京区 鞍馬本町
0%
左京区 黒谷町
0%
左京区 鹿ケ谷上宮ノ前町
0%
左京区 鹿ケ谷栗木谷町
0%
左京区 鹿ケ谷御所ノ段町
0%
左京区 鹿ケ谷桜谷町
0%
左京区 鹿ケ谷下宮ノ前町
0%
左京区 鹿ケ谷大黒谷町
0%
左京区 鹿ケ谷高岸町
0%
左京区 鹿ケ谷寺ノ前町
0%
左京区 鹿ケ谷徳善谷町
0%
左京区 鹿ケ谷西寺ノ前町
0%
左京区 鹿ケ谷法然院町
0%
左京区 鹿ケ谷法然院西町
0%
左京区 鹿ケ谷宮ノ前町
0%
左京区 静市市原町
0%
左京区 静市静原町
0%
左京区 静市野中町
0%
左京区 下鴨泉川町
0%
左京区 下鴨狗子田町
0%
左京区 下鴨梅ノ木町
0%
左京区 下鴨膳部町
0%
左京区 下鴨上川原町
0%
左京区 下鴨岸本町
0%
左京区 下鴨北芝町
0%
左京区 下鴨北園町
0%
左京区 下鴨北茶ノ木町
0%
左京区 下鴨北野々神町
0%
左京区 下鴨貴船町
0%
左京区 下鴨神殿町
0%
左京区 下鴨芝本町
0%
左京区 下鴨下川原町
0%
左京区 下鴨高木町
0%
左京区 下鴨蓼倉町
0%
左京区 下鴨塚本町
0%
左京区 下鴨中川原町
0%
左京区 下鴨西梅ノ木町
0%
左京区 下鴨西高木町
0%
左京区 下鴨西林町
0%
左京区 下鴨西半木町
0%
左京区 下鴨西本町
0%
左京区 下鴨萩ケ垣内町
0%
左京区 下鴨半木町
0%
左京区 下鴨東梅ノ木町
0%
左京区 下鴨東岸本町
0%
左京区 下鴨東高木町
0%
左京区 下鴨東塚本町
0%
左京区 下鴨東半木町
0%
左京区 下鴨東本町
0%
左京区 下鴨東森ケ前町
0%
左京区 下鴨本町
0%
左京区 下鴨前萩町
0%
左京区 下鴨松ノ木町
0%
左京区 下鴨松原町
0%
左京区 下鴨水口町
0%
左京区 下鴨南芝町
0%
左京区 下鴨南茶ノ木町
0%
左京区 下鴨南野々神町
0%
左京区 下鴨宮河町
0%
左京区 下鴨宮崎町
0%
左京区 下鴨森ケ前町
0%
左京区 下鴨森本町
0%
左京区 下鴨夜光町
0%
左京区 下鴨梁田町
0%
左京区 下堤町
0%
左京区 修学院安養坊
0%
左京区 修学院石掛町
0%
左京区 修学院泉殿町
0%
左京区 修学院犬塚町
0%
左京区 修学院大林町
0%
左京区 修学院沖殿町
0%
左京区 修学院開根坊町
0%
左京区 修学院貝原町
0%
左京区 修学院月輪寺町
0%
左京区 修学院鹿ノ下町
0%
左京区 修学院烏丸町
0%
左京区 修学院川尻町
0%
左京区 修学院北沮沢町
0%
左京区 修学院後安堂
0%
左京区 修学院十権寺町
0%
左京区 修学院守禅庵
0%
左京区 修学院水上田町
0%
左京区 修学院千万田町
0%
左京区 修学院大道町
0%
左京区 修学院高岸町
0%
左京区 修学院高部町
0%
左京区 修学院茶屋ノ前町
0%
左京区 修学院辻ノ田町
0%
左京区 修学院坪江町
0%
左京区 修学院中新開
0%
左京区 修学院中林町
0%
左京区 修学院西沮沢町
0%
左京区 修学院登リ内町
0%
左京区 修学院狭間町
0%
左京区 修学院馬場脇町
0%
左京区 修学院林ノ脇
0%
左京区 修学院桧峠町
0%
左京区 修学院仏者町
0%
左京区 修学院松本町
0%
左京区 修学院水川原町
0%
左京区 修学院南代
0%
左京区 修学院宮ノ前
0%
左京区 修学院宮ノ脇町
0%
左京区 修学院室町
0%
左京区 修学院薬師堂町
0%
左京区 修学院薮添
0%
左京区 修学院山神町
0%
左京区 修学院山添町
0%
左京区 修学院山ノ鼻町
0%
左京区 正往寺町
0%
左京区 聖護院円頓美町
0%
左京区 聖護院川原町
0%
左京区 聖護院山王町
0%
左京区 聖護院中町
0%
左京区 聖護院西町
0%
左京区 聖護院東寺領町
0%
左京区 聖護院東町
0%
左京区 聖護院蓮華蔵町
0%
左京区 浄土寺石橋町
0%
左京区 浄土寺上馬場町
0%
左京区 浄土寺上南田町
0%
左京区 浄土寺小山町
0%
左京区 浄土寺下馬場町
0%
左京区 浄土寺下南田町
0%
左京区 浄土寺真如町
0%
左京区 浄土寺西田町
0%
左京区 浄土寺馬場町
0%
左京区 浄土寺東田町
0%
左京区 浄土寺南田町
0%
左京区 新生洲町
0%
左京区 新車屋町
0%
左京区 新東洞院町
0%
左京区 新先斗町
0%
左京区 新丸太町
0%
左京区 高野泉町
0%
左京区 高野上竹屋町
0%
左京区 高野清水町
0%
左京区 高野竹屋町
0%
左京区 高野蓼原町
0%
左京区 高野玉岡町
0%
左京区 高野西開町
0%
左京区 高野東開町
0%
左京区 田中飛鳥井町
0%
左京区 田中大堰町
0%
左京区 田中大久保町
0%
左京区 田中上大久保町
0%
左京区 田中上玄京町
0%
左京区 田中上古川町
0%
左京区 田中上柳町
0%
左京区 田中北春菜町
0%
左京区 田中玄京町
0%
左京区 田中里ノ内町
0%
左京区 田中里ノ前町
0%
左京区 田中下柳町
0%
左京区 田中関田町
0%
左京区 田中高原町
0%
左京区 田中西浦町
0%
左京区 田中西大久保町
0%
左京区 田中西高原町
0%
左京区 田中西春菜町
0%
左京区 田中西樋ノ口町
0%
左京区 田中野神町
0%
左京区 田中馬場町
0%
左京区 田中春菜町
0%
左京区 田中東高原町
0%
左京区 田中東春菜町
0%
左京区 田中東樋ノ口町
0%
左京区 田中樋ノ口町
0%
左京区 田中古川町
0%
左京区 田中南大久保町
0%
左京区 田中南西浦町
0%
左京区 田中門前町
0%
左京区 超勝寺門前町
0%
左京区 中川町
0%
左京区 南禅寺北ノ坊町
0%
左京区 南禅寺草川町
0%
左京区 南禅寺下河原町
0%
左京区 南禅寺福地町
0%
下京区 | 左京区 難波町
0%
左京区 若王子町
0%
左京区 花脊大布施町
0%
左京区 花脊原地町
0%
左京区 花脊別所町
0%
左京区 花脊八桝町
0%
中京区 | 左京区 東竹屋町
0%
左京区 東丸太町
0%
左京区 東門前町
0%
左京区 広河原
0%
左京区 法皇寺町
0%
左京区 法林寺門前町
0%
左京区 孫橋町
0%
左京区 松ケ崎泉川町
0%
左京区 松ケ崎壱町田町
0%
左京区 松ケ崎井出ケ海道町
0%
左京区 松ケ崎井出ケ鼻町
0%
左京区 松ケ崎今海道町
0%
左京区 松ケ崎榎実ケ芝
0%
左京区 松ケ崎海尻町
0%
左京区 松ケ崎河原田町
0%
左京区 松ケ崎北裏町
0%
左京区 松ケ崎狐坂
0%
左京区 松ケ崎木燈籠町
0%
左京区 松ケ崎木ノ本町
0%
左京区 松ケ崎久土町
0%
左京区 松ケ崎雲路町
0%
左京区 松ケ崎鞍馬田町
0%
左京区 松ケ崎御所海道町
0%
左京区 松ケ崎御所ノ内町
0%
左京区 松ケ崎小竹薮町
0%
左京区 松ケ崎小脇町
0%
左京区 松ケ崎桜木町
0%
左京区 松ケ崎三反長町
0%
左京区 松ケ崎芝本町
0%
左京区 松ケ崎修理式町
0%
左京区 松ケ崎正田町
0%
左京区 松ケ崎杉ケ海道町
0%
左京区 松ケ崎総作町
0%
左京区 松ケ崎高山
0%
左京区 松ケ崎糺田町
0%
左京区 松ケ崎堂ノ上町
0%
左京区 松ケ崎中海道町
0%
左京区 松ケ崎中町
0%
左京区 松ケ崎西池ノ内町
0%
左京区 松ケ崎西桜木町
0%
左京区 松ケ崎西町
0%
左京区 松ケ崎西山
0%
左京区 松ケ崎橋上町
0%
左京区 松ケ崎林山
0%
左京区 松ケ崎東池ノ内町
0%
左京区 松ケ崎東桜木町
0%
左京区 松ケ崎東町
0%
左京区 松ケ崎東山
0%
左京区 松ケ崎樋ノ上町
0%
左京区 松ケ崎平田町
0%
左京区 松ケ崎堀町
0%
左京区 松ケ崎南池ノ内町
0%
左京区 松ケ崎村ケ内町
0%
左京区 松ケ崎柳井田町
0%
左京区 松ケ崎横縄手町
0%
左京区 松ケ崎呼返町
0%
左京区 松ケ崎六ノ坪町
0%
左京区 八瀬秋元町
0%
左京区 八瀬近衛町
0%
左京区 八瀬花尻町
0%
左京区 八瀬野瀬町
0%
左京区 山端壱町田町
0%
左京区 山端大君町
0%
左京区 山端大塚町
0%
左京区 山端川岸町
0%
左京区 山端川端町
0%
左京区 山端川原町
0%
左京区 山端大城田町
0%
左京区 山端滝ケ鼻町
0%
左京区 山端橋ノ本町
0%
左京区 山端森本町
0%
左京区 山端柳ケ坪町
0%
左京区 吉田泉殿町
0%
左京区 吉田牛ノ宮町
0%
左京区 吉田神楽岡町
0%
左京区 吉田上阿達町
0%
左京区 吉田上大路町
0%
左京区 吉田河原町
0%
左京区 吉田近衛町
0%
左京区 吉田下阿達町
0%
左京区 吉田下大路町
0%
左京区 吉田橘町
0%
左京区 吉田中阿達町
0%
左京区 吉田中大路町
0%
左京区 吉田二本松町
0%
左京区 吉田本町
0%
左京区 吉永町
0%
左京区 和国町
0%
中京区 秋野々町
0%
中京区 朝倉町
0%
中京区 姉猪熊町
0%
中京区 姉大宮町東側
0%
中京区 姉大宮町西側
0%
中京区 姉大東町
0%
中京区 姉西町
0%
中京区 姉西洞院町
0%
中京区 姉西堀川町
0%
中京区 姉東堀川町
0%
中京区 油屋町
0%
中京区 池須町
0%
中京区 池元町
0%
中京区 | 東山区 石橋町
0%
中京区 | 伏見区 石屋町
0%
中京区 泉町
0%
下京区 | 中京区 市之町
0%
中京区 一之船入町
0%
中京区 一蓮社町
0%
中京区 井筒屋町
0%
中京区 因幡町
0%
中京区 今新在家東町
0%
中京区 今新在家西町
0%
中京区 岩上町
0%
中京区 | 伏見区 魚屋町
0%
中京区 姥柳町
0%
中京区 梅忠町
0%
中京区 梅之木町
0%
中京区 占出山町
0%
中京区 裏寺町
0%
中京区 永楽町
0%
中京区 越後町
0%
中京区 越後突抜町
0%
下京区 | 中京区 榎木町
0%
中京区 恵比須町
0%
中京区 | 東山区 夷町
0%
中京区 | 伏見区 海老屋町
0%
中京区 烏帽子屋町
0%
中京区 役行者町
0%
中京区 円福寺町
0%
中京区 円福寺前町
0%
中京区 御池大東町
0%
中京区 御池之町
0%
中京区 扇屋町
0%
中京区 大炊町
0%
中京区 大倉町
0%
中京区 大阪材木町
0%
下京区 | 中京区 | 伏見区 大津町
0%
中京区 押油小路町
0%
中京区 押西洞院町
0%
中京区 押堀町
0%
中京区 | 伏見区 帯屋町
0%
中京区 織物屋町
0%
中京区 尾張町
0%
中京区 御供町
0%
中京区 貝屋町
0%
中京区 鏡屋町
0%
下京区 | 中京区 柿本町
0%
下京区 | 中京区 | 東山区 鍵屋町
0%
中京区 鍛冶町
0%
下京区 | 中京区 | 伏見区 鍛冶屋町
0%
下京区 | 中京区 柏屋町
0%
下京区 | 中京区 | 東山区 金屋町
0%
中京区 甲屋町
0%
中京区 釜座町
0%
中京区 上一文字町
0%
中京区 上大阪町
0%
中京区 上瓦町
0%
中京区 上黒門町
0%
中京区 上樵木町
0%
中京区 上巴町
0%
中京区 上白山町
0%
中京区 上八文字町
0%
中京区 上本能寺前町
0%
中京区 上松屋町
0%
中京区 上妙覚寺町
0%
中京区 紙屋町
0%
下京区 | 中京区 亀屋町
0%
下京区 | 中京区 | 伏見区 雁金町
0%
中京区 瓦師町
0%
中京区 瓦町
0%
中京区 瓦之町
0%
中京区 関東屋町
0%
中京区 観音町
0%
中京区 観音堂町
0%
中京区 甘露町
0%
中京区 菊水鉾町
0%
中京区 北車屋町
0%
下京区 | 中京区 北小路町
0%
中京区 亀甲屋町
0%
中京区 絹屋町
0%
中京区 木之下町
0%
中京区 木屋町
0%
中京区 九町目
0%
中京区 行願寺門前町
0%
中京区 金吹町
0%
中京区 空也町
0%
中京区 久遠院前町
0%
中京区 楠町
0%
中京区 倉本町
0%
中京区 車屋町
0%
中京区 桑原町
0%
中京区 鯉山町
0%
中京区 五丁目
0%
中京区 | 東山区 古西町
0%
中京区 小結棚町
0%
中京区 衣棚町
0%
中京区 昆布屋町
0%
中京区 西方寺町
0%
下京区 | 中京区 材木町
0%
中京区 坂井町
0%
中京区 坂本町
0%
中京区 左京町
0%
中京区 桜之町
0%
下京区 | 中京区 笹屋町
0%
中京区 | 伏見区 指物町
0%
中京区 指物屋町
0%
中京区 三条油小路町
0%
中京区 三条猪熊町
0%
中京区 三条大宮町
0%
中京区 三条町
0%
中京区 三坊大宮町
0%
中京区 三坊西洞院町
0%
中京区 三坊堀川町
0%
中京区 三坊猪熊町北組
0%
中京区 三坊猪熊町南組
0%
中京区 三本木五丁目
0%
中京区 三本木町
0%
中京区 三文字町
0%
下京区 | 中京区 | 伏見区 | 南区 塩屋町
0%
中京区 式阿弥町
0%
中京区 式部町
0%
中京区 七観音町
0%
中京区 | 東山区 七軒町
0%
中京区 四坊大宮町
0%
中京区 四坊堀川町
0%
下京区 | 中京区 | 伏見区 清水町
0%
中京区 下一文字町
0%
中京区 下大阪町
0%
中京区 下瓦町
0%
中京区 下黒門町
0%
中京区 下樵木町
0%
中京区 下御霊前町
0%
中京区 下白山町
0%
中京区 下八文字町
0%
中京区 下古城町
0%
中京区 下本能寺前町
0%
中京区 下松屋町
0%
中京区 下妙覚寺町
0%
中京区 砂金町
0%
下京区 | 中京区 十文字町
0%
中京区 聚楽廻中町
0%
中京区 聚楽廻東町
0%
中京区 聚楽廻西町
0%
中京区 聚楽廻南町
0%
中京区 聚楽廻松下町
0%
中京区 正行寺町
0%
中京区 少将井御旅町
0%
中京区 少将井町
0%
中京区 猩々町
0%
中京区 常真横町
0%
中京区 松竹町
0%
中京区 白壁町
0%
中京区 神泉苑町
0%
中京区 真如堂町
0%
中京区 末丸町
0%
下京区 | 中京区 杉屋町
0%
中京区 角倉町
0%
中京区 炭之座町
0%
中京区 西堂町
0%
下京区 | 中京区 瀬戸屋町
0%
下京区 | 中京区 泉正寺町
0%
中京区 宗林町
0%
中京区 大恩寺町
0%
中京区 大日町
0%
中京区 高田町
0%
下京区 | 中京区 高宮町
0%
中京区 笋町
0%
中京区 蛸薬師町
0%
中京区 蛸屋町
0%
中京区 畳屋町
0%
中京区 橘柳町
0%
中京区 龍池町
0%
中京区 竪大恩寺町
0%
中京区 | 東山区 田中町
0%
中京区 玉植町
0%
中京区 玉蔵町
0%
中京区 達磨町
0%
下京区 | 中京区 | 伏見区 樽屋町
0%
中京区 滕屋町
0%
中京区 丁子屋町
0%
中京区 津軽町
0%
下京区 | 中京区 | 伏見区 土橋町
0%
下京区 | 中京区 槌屋町
0%
中京区 壺屋町
0%
中京区 手洗水町
0%
中京区 天守町
0%
中京区 天性寺前町
0%
中京区 天神山町
0%
中京区 等持寺町
0%
中京区 道場町
0%
中京区 堂之前町
0%
中京区 道祐町
0%
中京区 蟷螂山町
0%
中京区 常盤木町
0%
中京区 巴町
0%
中京区 虎石町
0%
中京区 虎屋町
0%
中京区 曇華院前町
0%
中京区 中魚屋町
0%
中京区 中島町
0%
中京区 中筋町
0%
下京区 | 中京区 | 伏見区 | 東山区 中之町
0%
中京区 中白山町
0%
中京区 長浜町
0%
中京区 仲保利町
0%
中京区 七町目
0%
下京区 | 中京区 鍋屋町
0%
中京区 | 伏見区 奈良屋町
0%
中京区 仁王門町
0%
中京区 仁王門突抜町
0%
中京区 西生洲町
0%
下京区 | 中京区 西魚屋町
0%
中京区 西夷川町
0%
中京区 西押小路町
0%
中京区 錦猪熊町
0%
中京区 錦大宮町
0%
中京区 錦堀川町
0%
中京区 西九軒町
0%
中京区 西革堂町
0%
中京区 西三坊堀川町
0%
中京区 | 伏見区 西大黒町
0%
中京区 | 伏見区 西大文字町
0%
中京区 西竹屋町
0%
中京区 西錦小路町
0%
中京区 西ノ京池ノ内町
0%
中京区 西ノ京内畑町
0%
中京区 西ノ京右馬寮町
0%
中京区 西ノ京円町
0%
中京区 西ノ京大炊御門町
0%
中京区 西ノ京小倉町
0%
中京区 西ノ京笠殿町
0%
中京区 西ノ京春日町
0%
中京区 西ノ京上合町
0%
中京区 西ノ京上平町
0%
中京区 西ノ京勧学院町
0%
中京区 西ノ京北円町
0%
中京区 西ノ京北小路町
0%
中京区 西ノ京北壺井町
0%
中京区 西ノ京車坂町
0%
中京区 西ノ京桑原町
0%
中京区 西ノ京小堀池町
0%
中京区 西ノ京小堀町
0%
中京区 西ノ京左馬寮町
0%
中京区 西ノ京三条坊町
0%
中京区 西ノ京鹿垣町
0%
中京区 西ノ京式部町
0%
中京区 西ノ京島ノ内町
0%
中京区 西ノ京下合町
0%
中京区 西ノ京職司町
0%
中京区 西ノ京新建町
0%
中京区 西ノ京塚本町
0%
中京区 西ノ京月輪町
0%
中京区 西ノ京壺ノ内町
0%
中京区 西ノ京銅駝町
0%
中京区 西ノ京栂尾町
0%
中京区 西ノ京徳大寺町
0%
中京区 西ノ京中保町
0%
中京区 西ノ京中御門西町
0%
中京区 西ノ京中御門東町
0%
中京区 西ノ京永本町
0%
中京区 西ノ京南聖町
0%
中京区 西ノ京西円町
0%
中京区 西ノ京西月光町
0%
中京区 西ノ京西鹿垣町
0%
中京区 西ノ京西中合町
0%
中京区 西ノ京伯楽町
0%
中京区 西ノ京馬代町
0%
中京区 西ノ京原町
0%
中京区 西ノ京日扇町
0%
中京区 西ノ京東月光町
0%
中京区 西ノ京東栂尾町
0%
中京区 西ノ京東中合町
0%
中京区 西ノ京樋ノ口町
0%
中京区 西ノ京平町
0%
中京区 西ノ京藤ノ木町
0%
中京区 西ノ京船塚町
0%
中京区 西ノ京北聖町
0%
中京区 西ノ京星池町
0%
中京区 西ノ京御輿岡町
0%
中京区 西ノ京南円町
0%
中京区 西ノ京南大炊御門町
0%
中京区 西ノ京南上合町
0%
中京区 西ノ京南壺井町
0%
中京区 西ノ京南原町
0%
中京区 西ノ京南両町
0%
中京区 西ノ京両町
0%
中京区 西ノ京冷泉町
0%
中京区 二条油小路町
0%
中京区 二条新町
0%
中京区 二条城町
0%
中京区 二条殿町
0%
中京区 二条西洞院町
0%
中京区 西横町
0%
中京区 西六角町
0%
下京区 | 中京区 | 東山区 塗師屋町
0%
中京区 橋浦町
0%
中京区 橋下町
0%
中京区 橋西町
0%
中京区 橋之町
0%
中京区 橋東詰町
0%
中京区 橋弁慶町
0%
中京区 八町目
0%
中京区 場之町
0%
中京区 阪東屋町
0%
中京区 柊町
0%
中京区 東生洲町
0%
中京区 東夷川町
0%
中京区 東片町
0%
下京区 | 中京区 東側町
0%
中京区 東九軒町
0%
中京区 東椹木町
0%
中京区 | 伏見区 東大文字町
0%
中京区 東玉屋町
0%
中京区 東八幡町
0%
中京区 光リ堂町
0%
中京区 備前島町
0%
中京区 福屋町
0%
中京区 藤岡町
0%
中京区 藤西町
0%
中京区 藤本町
0%
中京区 不動町
0%
下京区 | 中京区 舟屋町
0%
中京区 船屋町
0%
中京区 古城町
0%
中京区 塀之内町
0%
中京区 弁慶石町
0%
中京区 鉾田町
0%
中京区 布袋屋町
0%
下京区 | 中京区 骨屋町
0%
中京区 骨屋之町
0%
中京区 本能寺町
0%
中京区 蒔絵屋町
0%
中京区 町頭町
0%
中京区 松浦町
0%
中京区 松ケ枝町
0%
中京区 松下町
0%
下京区 | 中京区 松本町
0%
下京区 | 中京区 | 伏見区 松屋町
0%
中京区 丸木材木町
0%
中京区 丸太町
0%
中京区 饅頭屋町
0%
中京区 御倉町
0%
中京区 御射山町
0%
中京区 南車屋町
0%
中京区 壬生相合町
0%
中京区 壬生天池町
0%
中京区 壬生上大竹町
0%
中京区 壬生賀陽御所町
0%
中京区 壬生御所ノ内町
0%
中京区 壬生下溝町
0%
中京区 壬生朱雀町
0%
中京区 壬生神明町
0%
中京区 壬生仙念町
0%
中京区 壬生高樋町
0%
中京区 壬生辻町
0%
中京区 壬生土居ノ内町
0%
中京区 壬生中川町
0%
中京区 壬生梛ノ宮町
0%
中京区 壬生西大竹町
0%
中京区 壬生西土居ノ内町
0%
中京区 壬生西桧町
0%
中京区 壬生花井町
0%
中京区 壬生馬場町
0%
中京区 壬生東大竹町
0%
中京区 壬生東高田町
0%
中京区 壬生東土居ノ内町
0%
中京区 壬生東桧町
0%
中京区 壬生東淵田町
0%
中京区 壬生桧町
0%
中京区 壬生淵田町
0%
中京区 壬生坊城町
0%
中京区 壬生松原町
0%
中京区 壬生森前町
0%
中京区 壬生森町
0%
中京区 宮木町
0%
中京区 宮本町
0%
中京区 妙満寺前町
0%
中京区 百足屋町
0%
中京区 最上町
0%
中京区 元竹田町
0%
中京区 元法然寺町
0%
中京区 元本能寺町
0%
中京区 元本能寺南町
0%
中京区 森ノ木町
0%
中京区 守山町
0%
下京区 | 中京区 門前町
0%
下京区 | 中京区 八百屋町
0%
中京区 柳八幡町
0%
中京区 | 伏見区 | 東山区 山崎町
0%
中京区 | 東山区 山田町
0%
中京区 山中町
0%
中京区 山伏山町
0%
中京区 矢幡町
0%
中京区 要法寺前町
0%
中京区 横鍛冶町
0%
中京区 四丁目
0%
中京区 柳水町
0%
中京区 了頓図子町
0%
中京区 冷泉町
0%
中京区 六丁目
0%
中京区 六角油小路町
0%
中京区 六角猪熊町
0%
中京区 六角大宮町
0%
中京区 六角町
0%
中京区 和久屋町
0%
中京区 綿屋町
0%
下京区 | 東山区 新シ町
0%
東山区 粟田口鍛冶町
0%
東山区 粟田口華頂町
0%
東山区 粟田口三条坊町
0%
東山区 池殿町
0%
東山区 石垣町東側
0%
東山区 石垣町西側
0%
東山区 一橋野本町
0%
東山区 一橋宮ノ内町
0%
東山区 井手町
0%
東山区 稲荷町北組
0%
東山区 稲荷町南組
0%
東山区 今熊野阿弥陀ケ峰町
0%
東山区 今熊野池田町
0%
東山区 今熊野梅ケ谷町
0%
東山区 今熊野北日吉町
0%
東山区 今熊野小松山町
0%
東山区 今熊野泉山町
0%
東山区 今熊野総山町
0%
東山区 今熊野剣宮町
0%
東山区 今熊野椥ノ森町
0%
東山区 今熊野日吉町
0%
東山区 今熊野宝蔵町
0%
東山区 今熊野本多山町
0%
東山区 今熊野南谷町
0%
東山区 今熊野南日吉町
0%
東山区 今小路町
0%
東山区 今道町
0%
東山区 上田町
0%
東山区 梅宮町
0%
東山区 梅本町
0%
東山区 蛭子町南組
0%
東山区 蛭子町北組
0%
東山区 大井手町
0%
伏見区 | 東山区 大阪町
0%
東山区 大橋町
0%
東山区 音羽町
0%
東山区 門脇町
0%
東山区 鐘鋳町
0%
東山区 上新シ町
0%
東山区 上池田町
0%
東山区 上馬町
0%
東山区 上梅屋町
0%
東山区 上棟梁町
0%
東山区 上弁天町
0%
東山区 上堀詰町
0%
下京区 | 東山区 上柳町
0%
東山区 亀井町
0%
東山区 唐戸鼻町
0%
下京区 | 東山区 川端町
0%
東山区 瓦役町
0%
東山区 祇園町南側
0%
東山区 祇園町北側
0%
東山区 北木之元町
0%
東山区 北御門町
0%
東山区 北棟梁町
0%
東山区 清井町
0%
東山区 教業町
0%
東山区 清水
0%
東山区 清本町
0%
東山区 金園町
0%
東山区 興善町
0%
下京区 | 東山区 五軒町
0%
東山区 五条橋東
0%
東山区 小松町
0%
東山区 西海子町
0%
東山区 鞘町
0%
東山区 三十三間堂廻り町
0%
東山区 三町目
0%
東山区 慈法院庵町
0%
東山区 下新シ町
0%
東山区 下池田町
0%
東山区 下馬町
0%
東山区 下梅屋町
0%
東山区 下河原町
0%
東山区 下棟梁町
0%
東山区 下弁天町
0%
東山区 下堀詰町
0%
下京区 | 東山区 下柳町
0%
東山区 上人町
0%
東山区 定法寺町
0%
東山区 正面町
0%
東山区 白糸町
0%
東山区 新瓦町東組
0%
東山区 新瓦町西組
0%
東山区 新五軒町
0%
東山区 進之町
0%
東山区 末吉町
0%
東山区 朱雀町
0%
東山区 清閑寺池田町
0%
東山区 清閑寺山ノ内町
0%
東山区 清閑寺霊山町
0%
東山区 石泉院町
0%
東山区 泉涌寺五葉ノ辻町
0%
東山区 泉涌寺雀ケ森町
0%
東山区 泉涌寺東林町
0%
東山区 泉涌寺門前町
0%
東山区 泉涌寺山内町
0%
東山区 高畑町
0%
東山区 竹村町
0%
東山区 巽町
0%
下京区 | 東山区 辰巳町
0%
東山区 谷川町
0%
東山区 玉水町
0%
東山区 月輪町
0%
下京区 | 東山区 月見町
0%
東山区 堤町
0%
東山区 土居之内町
0%
伏見区 | 東山区 常盤町
0%
下京区 | 東山区 富永町
0%
東山区 豊浦町
0%
東山区 長光町
0%
東山区 西川原町
0%
東山区 西小物座町
0%
東山区 西御門町
0%
東山区 西橘町
0%
東山区 西棟梁町
0%
下京区 | 東山区 西之町
0%
東山区 西之門町
0%
伏見区 | 東山区 西町
0%
東山区 廿一軒町
0%
東山区 二町目
0%
東山区 梅林町
0%
東山区 博多町
0%
下京区 | 東山区 八軒町
0%
東山区 東姉小路町
0%
東山区 東音羽町
0%
東山区 東川原町
0%
東山区 東瓦町
0%
東山区 東小物座町
0%
東山区 東橘町
0%
下京区 | 伏見区 | 東山区 東町
0%
東山区 東分木町
0%
東山区 日吉町
0%
東山区 福稲柿本町
0%
東山区 福稲上高松町
0%
東山区 福稲川原町
0%
東山区 福稲岸ノ上町
0%
東山区 福稲御所ノ内町
0%
東山区 福稲下高松町
0%
東山区 福稲高原町
0%
東山区 古川町
0%
東山区 分木町
0%
東山区 北斗町
0%
東山区 星野町
0%
東山区 堀池町
0%
東山区 本池田町
0%
東山区 本瓦町
0%
東山区 本町
0%
東山区 本町新
0%
東山区 蒔田町
0%
東山区 松原町
0%
東山区 円山町
0%
東山区 三盛町
0%
東山区 南梅屋町
0%
東山区 南瓦町
0%
東山区 南木之元町
0%
東山区 南西海子町
0%
東山区 南棟梁町
0%
下京区 | 東山区 南町
0%
東山区 宮川筋
0%
東山区 妙法院前側町
0%
東山区 三吉町
0%
東山区 元町
0%
東山区 元吉町
0%
東山区 森下町
0%
東山区 八坂上町
0%
東山区 山城町
0%
東山区 大和大路
0%
伏見区 | 東山区 大和町
0%
東山区 遊行前町
0%
東山区 柚之木町
0%
東山区 弓矢町
0%
東山区 芳野町
0%
東山区 林下町
0%
東山区 轆轤町
0%
東山区 六軒町
0%
東山区 若竹町
0%
東山区 鷲尾町
0%
下京区 相之町
0%
下京区 悪王子町
0%
下京区 朝妻町
0%
下京区 芦刈山町
0%
下京区 安土町
0%
下京区 油小路町
0%
下京区 飴屋町
0%
下京区 綾大宮町
0%
下京区 綾材木町
0%
下京区 綾西洞院町
0%
下京区 綾堀川町
0%
下京区 石井筒町
0%
下京区 石不動之町
0%
下京区 和泉町
0%
下京区 和泉屋町
0%
下京区 伊勢松町
0%
下京区 井筒町
0%
下京区 因幡堂町
0%
下京区 稲荷町
0%
下京区 乾町
0%
下京区 今大黒町
0%
下京区 岩滝町
0%
下京区 岩戸山町
0%
下京区 植松町
0%
下京区 艮町
0%
下京区 打越町
0%
下京区 梅小路石橋町
0%
下京区 梅小路頭町
0%
下京区 梅小路高畑町
0%
下京区 梅小路西中町
0%
下京区 梅小路東中町
0%
下京区 梅小路東町
0%
下京区 梅小路本町
0%
下京区 梅湊町
0%
下京区 裏片町
0%
下京区 永養寺町
0%
下京区 恵美須之町
0%
下京区 夷之町
0%
下京区 夷馬場町
0%
下京区 蛭子水町
0%
下京区 恵美須屋町
0%
下京区 扇酒屋町
0%
下京区 大江町
0%
下京区 大坂町
0%
下京区 大堀町
0%
下京区 大政所町
0%
下京区 大宮
0%
下京区 | 伏見区 大宮町
0%
下京区 御旅町
0%
下京区 御旅宮本町
0%
下京区 小田原町
0%
下京区 皆山町
0%
下京区 垣ケ内町
0%
下京区 学林町
0%
下京区 風早町
0%
下京区 傘鉾町
0%
下京区 堅田町
0%
下京区 郭巨山町
0%
下京区 金換町
0%
下京区 鎌屋町
0%
下京区 上鱗形町
0%
下京区 上夷町
0%
下京区 上金仏町
0%
下京区 上糀屋町
0%
下京区 上五条町
0%
下京区 上三之宮町
0%
下京区 上珠数屋町
0%
下京区 上錫屋町
0%
下京区 上諏訪町
0%
下京区 上長福寺町
0%
下京区 上中之町
0%
下京区 上二之宮町
0%
下京区 上之町
0%
下京区 上平野町
0%
下京区 上若宮町
0%
下京区 亀町
0%
下京区 烏丸
0%
下京区 唐津屋町
0%
下京区 唐物町
0%
下京区 観喜寺町
0%
下京区 函谷鉾町
0%
下京区 元日町
0%
下京区 官社殿町
0%
下京区 菅大臣町
0%
下京区 北不動堂町
0%
下京区 北町
0%
下京区 吉文字町
0%
下京区 木津屋町
0%
下京区 京極町
0%
下京区 喜吉町
0%
下京区 金東横町
0%
下京区 釘隠町
0%
下京区 小石町
0%
下京区 小泉町
0%
下京区 小稲荷町
0%
下京区 幸竹町
0%
下京区 郷之町
0%
下京区 高野堂町
0%
下京区 粉川町
0%
下京区 御器屋町
0%
下京区 御供石町
0%
下京区 小坂町
0%
下京区 五条烏丸町
0%
下京区 五坊大宮町
0%
下京区 小柳町
0%
下京区 | 伏見区 紺屋町
0%
下京区 斎藤町
0%
下京区 堺町
0%
下京区 栄町
0%
下京区 下り松町
0%
下京区 篠屋町
0%
下京区 佐女牛井町
0%
下京区 晒屋町
0%
下京区 三軒替地町
0%
下京区 塩竈町
0%
下京区 塩小路町
0%
下京区 四条大宮町
0%
下京区 四条堀川町
0%
下京区 四条町
0%
下京区 七条御所ノ内北町
0%
下京区 七条御所ノ内中町
0%
下京区 七条御所ノ内西町
0%
下京区 七条御所ノ内本町
0%
下京区 七条御所ノ内南町
0%
下京区 四本松町
0%
下京区 志水町
0%
下京区 下魚棚
0%
下京区 下鱗形町
0%
下京区 下糀屋町
0%
下京区 下五条町
0%
下京区 下材木町
0%
下京区 下三之宮町
0%
下京区 下諏訪町
0%
下京区 下長福寺町
0%
下京区 下二之宮町
0%
下京区 下之町
0%
下京区 下平野町
0%
下京区 下万寿寺町
0%
下京区 十禅師町
0%
下京区 珠数屋町
0%
下京区 俊成町
0%
下京区 順風町
0%
下京区 聖真子町
0%
下京区 卓屋町
0%
下京区 新開町
0%
下京区 新釜座町
0%
下京区 真町
0%
下京区 新日吉町
0%
下京区 水銀屋町
0%
下京区 杉蛭子町
0%
下京区 朱雀内畑町
0%
下京区 朱雀裏畑町
0%
下京区 朱雀北ノ口町
0%
下京区 朱雀正会町
0%
下京区 朱雀堂ノ口町
0%
下京区 朱雀分木町
0%
下京区 朱雀宝蔵町
0%
下京区 筋屋町
0%
下京区 | 伏見区 住吉町
0%
下京区 諏訪開町
0%
下京区 銭屋町
0%
下京区 泉水町
0%
下京区 善長寺町
0%
下京区 船頭町
0%
下京区 大工町
0%
下京区 醍醐町
0%
下京区 太子山町
0%
下京区 大寿町
0%
下京区 松明町
0%
下京区 高雄町
0%
下京区 高材木町
0%
下京区 高砂町
0%
下京区 高槻町
0%
下京区 高辻猪熊町
0%
下京区 高辻大宮町
0%
下京区 高辻西洞院町
0%
下京区 高辻堀川町
0%
下京区 高辻町
0%
下京区 高橋町
0%
下京区 竹屋之町
0%
下京区 立売中之町
0%
下京区 立売西町
0%
下京区 立売東町
0%
下京区 立中町
0%
下京区 足袋屋町
0%
下京区 玉津島町
0%
下京区 玉本町
0%
下京区 溜池町
0%
下京区 丹波街道町
0%
下京区 茶磨屋町
0%
下京区 忠庵町
0%
下京区 中堂寺粟田町
0%
下京区 中堂寺鍵田町
0%
下京区 中堂寺北町
0%
下京区 中堂寺櫛笥町
0%
下京区 中堂寺庄ノ内町
0%
下京区 中堂寺西寺町
0%
下京区 中堂寺坊城町
0%
下京区 中堂寺前田町
0%
下京区 中堂寺前町
0%
下京区 中堂寺南町
0%
下京区 中堂寺壬生川町
0%
下京区 中堂寺命婦町
0%
下京区 中堂寺薮ノ内町
0%
下京区 突抜
0%
下京区 月鉾町
0%
下京区 筒金町
0%
下京区 葛籠屋町
0%
下京区 貞安前之町
0%
下京区 徹宝町
0%
下京区 天使突抜
0%
下京区 天神町
0%
下京区 天神前町
0%
下京区 天王町
0%
下京区 天満町
0%
下京区 都市町
0%
下京区 童侍者町
0%
下京区 燈籠町
0%
下京区 常葉町
0%
下京区 木賊山町
0%
下京区 徳正寺町
0%
下京区 徳万町
0%
下京区 富田町
0%
下京区 富浜町
0%
下京区 富松町
0%
下京区 富屋町
0%
下京区 中居町
0%
下京区 中金仏町
0%
下京区 永倉町
0%
下京区 中野之町
0%
下京区 永原町
0%
下京区 長刀切町
0%
下京区 長刀鉾町
0%
下京区 匂天神町
0%
下京区 西油小路町
0%
下京区 西綾小路西半町
0%
下京区 西綾小路東半町
0%
下京区 西錺屋町
0%
下京区 西側町
0%
下京区 西境町
0%
下京区 西七条赤社町
0%
下京区 西七条石井町
0%
下京区 西七条市部町
0%
下京区 西七条御前田町
0%
下京区 西七条掛越町
0%
下京区 西七条北衣田町
0%
下京区 西七条北月読町
0%
下京区 西七条北西野町
0%
下京区 西七条北東野町
0%
下京区 西七条御領町
0%
下京区 西七条中野町
0%
下京区 西七条名倉町
0%
下京区 西七条西石ケ坪町
0%
下京区 西七条西久保町
0%
下京区 西七条西八反田町
0%
下京区 西七条東石ケ坪町
0%
下京区 西七条東御前田町
0%
下京区 西七条東久保町
0%
下京区 西七条東八反田町
0%
下京区 西七条比輪田町
0%
下京区 西七条南衣田町
0%
下京区 西七条南月読町
0%
下京区 西七条南中野町
0%
下京区 西七条南西野町
0%
下京区 西七条南東野町
0%
下京区 西七条八幡町
0%
下京区 西新屋敷揚屋町
0%
下京区 西新屋敷上之町
0%
下京区 西新屋敷下之町
0%
下京区 西新屋敷太夫町
0%
下京区 西新屋敷中堂寺町
0%
下京区 西新屋敷中之町
0%
下京区 西酢屋町
0%
下京区 西高辻町
0%
下京区 西田町
0%
下京区 西玉水町
0%
下京区 西洞院町
0%
下京区 西前町
0%
下京区 西松屋町
0%
下京区 西門前町
0%
下京区 西八百屋町
0%
下京区 廿人講町
0%
下京区 二帖半敷町
0%
下京区 西若松町
0%
下京区 二人司町
0%
下京区 鶏鉾町
0%
下京区 布屋町
0%
下京区 白楽天町
0%
下京区 橋橘町
0%
下京区 波止土濃町
0%
下京区 八王子町
0%
下京区 | 南区 八条坊門町
0%
下京区 八文字町
0%
下京区 花園町
0%
下京区 花畑町
0%
下京区 花屋町
0%
下京区 早尾町
0%
下京区 繁昌町
0%
下京区 坂東屋町
0%
下京区 東油小路町
0%
下京区 東錺屋町
0%
下京区 東境町
0%
下京区 東塩小路釜殿町
0%
下京区 東塩小路高倉町
0%
下京区 東塩小路向畑町
0%
下京区 東塩小路町
0%
下京区 東大工町
0%
下京区 東玉水町
0%
下京区 東之町
0%
下京区 東前町
0%
下京区 東松屋町
0%
下京区 東若松町
0%
下京区 樋口町
0%
下京区 樋之下町
0%
下京区 平居町
0%
下京区 平岡町
0%
下京区 | 伏見区 平野町
0%
下京区 平屋町
0%
下京区 深草町
0%
下京区 福田寺町
0%
下京区 藤本寄町
0%
下京区 仏具屋町
0%
下京区 仏光寺西町
0%
下京区 仏光寺東町
0%
下京区 船鉾町
0%
下京区 麓町
0%
下京区 | 南区 古御旅町
0%
下京区 坊門町
0%
下京区 坊門中之町
0%
下京区 卜味金仏町
0%
下京区 | 伏見区 堀詰町
0%
下京区 堀之内町
0%
下京区 本覚寺前町
0%
下京区 本燈籠町
0%
下京区 本柳水町
0%
下京区 真苧屋町
0%
下京区 升屋町
0%
下京区 松川町
0%
下京区 松原中之町
0%
下京区 万里小路町
0%
下京区 万寿寺町
0%
下京区 万寿寺中之町
0%
下京区 御影堂町
0%
下京区 御影町
0%
下京区 御影堂前町
0%
下京区 御方紺屋町
0%
下京区 南夷町
0%
下京区 南京極町
0%
下京区 南橋詰町
0%
下京区 南不動堂町
0%
下京区 南八百屋町
0%
下京区 美濃屋町
0%
下京区 妙伝寺町
0%
下京区 妙満寺町
0%
下京区 元悪王子町
0%
下京区 本上神明町
0%
下京区 本塩竈町
0%
下京区 本神明町
0%
下京区 元両替町
0%
下京区 紅葉町
0%
下京区 文覚町
0%
下京区 屋形町
0%
下京区 薬園町
0%
下京区 矢田町
0%
下京区 八ツ柳町
0%
下京区 柳町
0%
下京区 藪下町
0%
下京区 山川町
0%
下京区 夕顔町
0%
下京区 要法寺町
0%
下京区 横諏訪町
0%
下京区 吉水町
0%
下京区 万屋町
0%
下京区 来迎堂町
0%
下京区 若宮町
0%
下京区 和気町
0%
南区 上鳥羽麻ノ本
0%
南区 上鳥羽石橋町
0%
南区 上鳥羽岩ノ本町
0%
南区 上鳥羽卯ノ花
0%
南区 上鳥羽馬廻
0%
南区 上鳥羽大溝
0%
南区 上鳥羽大柳町
0%
南区 上鳥羽戒光
0%
南区 上鳥羽戒光町
0%
南区 上鳥羽金仏
0%
南区 上鳥羽上調子町
0%
南区 上鳥羽鴨田
0%
南区 上鳥羽唐戸町
0%
南区 上鳥羽川端町
0%
南区 上鳥羽勧進橋町
0%
南区 上鳥羽北戒光町
0%
南区 上鳥羽北島田町
0%
南区 上鳥羽北塔ノ本町
0%
南区 上鳥羽北中ノ坪町
0%
南区 上鳥羽北花名町
0%
南区 上鳥羽北村山町
0%
南区 上鳥羽清井町
0%
南区 上鳥羽尻切町
0%
南区 上鳥羽城ケ前町
0%
南区 上鳥羽菅田町
0%
南区 上鳥羽大物町
0%
南区 上鳥羽高畠町
0%
南区 上鳥羽町田
0%
南区 上鳥羽角田町
0%
南区 上鳥羽塔ノ本
0%
南区 上鳥羽中河原
0%
南区 上鳥羽奈須野町
0%
南区 上鳥羽鍋ケ渕町
0%
南区 上鳥羽苗代町
0%
南区 上鳥羽西浦町
0%
南区 上鳥羽八王神町
0%
南区 上鳥羽花名
0%
南区 上鳥羽火打形町
0%
南区 上鳥羽仏現寺町
0%
南区 上鳥羽鉾立町
0%
南区 上鳥羽堀子町
0%
南区 上鳥羽南唐戸町
0%
南区 上鳥羽南島田町
0%
南区 上鳥羽南塔ノ本町
0%
南区 上鳥羽南中ノ坪町
0%
南区 上鳥羽南苗代町
0%
南区 上鳥羽南花名町
0%
南区 上鳥羽南鉾立町
0%
南区 上鳥羽南村山町
0%
南区 上鳥羽山ノ本町
0%
南区 上鳥羽藁田
0%
南区 上鳥羽塔ノ森梅ノ木
0%
南区 上鳥羽塔ノ森江川町
0%
南区 上鳥羽塔ノ森上河原
0%
南区 上鳥羽塔ノ森上開ノ内
0%
南区 上鳥羽塔ノ森柴東町
0%
南区 上鳥羽塔ノ森下河原
0%
南区 上鳥羽塔ノ森下開ノ内
0%
南区 上鳥羽塔ノ森洲崎町
0%
南区 上鳥羽塔ノ森西河原町
0%
南区 上鳥羽塔ノ森東向町
0%
南区 上鳥羽塔ノ森柳原
0%
南区 上鳥羽塔ノ森四ツ谷町
0%
南区 唐橋赤金町
0%
南区 唐橋芦辺町
0%
南区 唐橋井園町
0%
南区 唐橋大宮尻町
0%
南区 唐橋門脇町
0%
南区 唐橋川久保町
0%
南区 唐橋経田町
0%
南区 唐橋西寺町
0%
南区 唐橋高田町
0%
南区 唐橋堂ノ前町
0%
南区 唐橋西平垣町
0%
南区 唐橋花園町
0%
南区 唐橋平垣町
0%
南区 唐橋琵琶町
0%
南区 唐橋南琵琶町
0%
南区 唐橋羅城門町
0%
南区 吉祥院池田町
0%
南区 吉祥院池田南町
0%
南区 吉祥院池ノ内町
0%
南区 吉祥院石原町
0%
南区 吉祥院稲葉町
0%
南区 吉祥院井ノ口町
0%
南区 吉祥院内河原町
0%
南区 吉祥院御池町
0%
南区 吉祥院大河原町
0%
南区 吉祥院落合町
0%
南区 吉祥院春日町
0%
南区 吉祥院観音堂町
0%
南区 吉祥院観音堂南町
0%
南区 吉祥院九条町
0%
南区 吉祥院車道町
0%
南区 吉祥院定成町
0%
南区 吉祥院里ノ内町
0%
南区 吉祥院三ノ宮町
0%
南区 吉祥院三ノ宮西町
0%
南区 吉祥院清水町
0%
南区 吉祥院菅原町
0%
南区 吉祥院砂ノ町
0%
南区 吉祥院高畑町
0%
南区 吉祥院堤外町
0%
南区 吉祥院中島町
0%
南区 吉祥院長田町
0%
南区 吉祥院仁木ノ森町
0%
南区 吉祥院西浦町
0%
南区 吉祥院西定成町
0%
南区 吉祥院西ノ内町
0%
南区 吉祥院西ノ茶屋町
0%
南区 吉祥院這登中町
0%
南区 吉祥院這登西町
0%
南区 吉祥院這登東町
0%
南区 吉祥院八反田町
0%
南区 吉祥院東浦町
0%
南区 吉祥院東砂ノ町
0%
南区 吉祥院東前田町
0%
南区 吉祥院船戸町
0%
南区 吉祥院前河原町
0%
南区 吉祥院前田町
0%
南区 吉祥院蒔絵町
0%
南区 吉祥院蒔絵南町
0%
南区 吉祥院政所町
0%
南区 吉祥院南落合町
0%
南区 吉祥院宮ノ西町
0%
南区 吉祥院宮ノ東町
0%
南区 吉祥院向田西町
0%
南区 吉祥院向田東町
0%
南区 吉祥院流作町
0%
南区 吉祥院石原上川原町
0%
南区 吉祥院石原京道町
0%
南区 吉祥院石原堂ノ後町
0%
南区 吉祥院石原堂ノ後西町
0%
南区 吉祥院石原長田町
0%
南区 吉祥院石原西町
0%
南区 吉祥院石原西ノ開町
0%
南区 吉祥院石原野上町
0%
南区 吉祥院石原橋裏
0%
南区 吉祥院石原橋上
0%
南区 吉祥院石原東之口
0%
南区 吉祥院石原開町
0%
南区 吉祥院石原南町
0%
南区 吉祥院石原葭縁
0%
南区 吉祥院石原割畑
0%
南区 吉祥院嶋笠井町
0%
南区 吉祥院嶋樫山町
0%
南区 吉祥院嶋川原田町
0%
南区 吉祥院嶋高町
0%
南区 吉祥院嶋堤外
0%
南区 吉祥院嶋出在家町
0%
南区 吉祥院嶋堂ノ裏
0%
南区 吉祥院嶋中ノ島
0%
南区 吉祥院嶋西浦
0%
南区 吉祥院嶋野間詰町
0%
南区 吉祥院新田壱ノ段町
0%
南区 吉祥院新田参ノ段町
0%
南区 吉祥院新田下ノ向町
0%
南区 吉祥院新田弐ノ段町
0%
南区 吉祥院中河原里北町
0%
南区 吉祥院中河原里西町
0%
南区 吉祥院中河原里南町
0%
南区 吉祥院中河原西屋敷町
0%
南区 吉祥院西ノ庄猪之馬場町
0%
南区 吉祥院西ノ庄西浦町
0%
南区 吉祥院西ノ庄西中町
0%
南区 吉祥院西ノ庄東屋敷町
0%
南区 吉祥院西ノ庄渕ノ西町
0%
南区 吉祥院西ノ庄向田町
0%
南区 吉祥院西ノ庄門口町
0%
南区 九条町
0%
南区 久世大築町
0%
南区 久世大薮町
0%
南区 久世上久世町
0%
南区 久世川原町
0%
南区 久世高田町
0%
南区 久世築山町
0%
南区 久世殿城町
0%
南区 久世中久世町
0%
南区 久世中久町
0%
南区 久世東土川町
0%
南区 東寺町
0%
南区 東寺東門前町
0%
南区 西九条池ノ内町
0%
南区 西九条猪熊町
0%
南区 西九条院町
0%
南区 西九条大国町
0%
南区 西九条開ケ町
0%
南区 西九条戒光寺町
0%
南区 西九条春日町
0%
南区 西九条唐戸町
0%
南区 西九条唐橋町
0%
南区 西九条川原城町
0%
南区 西九条北ノ内町
0%
南区 西九条御幸田町
0%
南区 西九条小寺町
0%
南区 西九条蔵王町
0%
南区 西九条島町
0%
南区 西九条菅田町
0%
南区 西九条高畠町
0%
南区 西九条寺ノ前町
0%
南区 西九条豊田町
0%
南区 西九条鳥居口町
0%
南区 西九条南田町
0%
南区 西九条西蔵王町
0%
南区 西九条西柳ノ内町
0%
南区 西九条針小路町
0%
南区 西九条比永城町
0%
南区 西九条東御幸田町
0%
南区 西九条東島町
0%
南区 西九条東比永城町
0%
南区 西九条東柳ノ内町
0%
南区 西九条藤ノ木町
0%
南区 西九条仏現寺町
0%
南区 西九条南小路町
0%
南区 西九条森本町
0%
南区 西九条柳ノ内町
0%
南区 西九条横町
0%
南区 八条内田町
0%
南区 八条寺内町
0%
南区 八条源町
0%
南区 八条町
0%
南区 東九条明田町
0%
南区 東九条石田町
0%
南区 東九条宇賀辺町
0%
南区 東九条上御霊町
0%
南区 東九条上殿田町
0%
南区 東九条烏丸町
0%
南区 東九条河西町
0%
南区 東九条河辺町
0%
南区 東九条北烏丸町
0%
南区 東九条北河原町
0%
南区 東九条北松ノ木町
0%
南区 東九条下殿田町
0%
南区 東九条中御霊町
0%
南区 東九条中殿田町
0%
南区 東九条中札辻町
0%
南区 東九条西明田町
0%
南区 東九条西岩本町
0%
南区 東九条西河辺町
0%
南区 東九条西御霊町
0%
南区 東九条西山王町
0%
南区 東九条西札辻町
0%
南区 東九条西山町
0%
南区 東九条東岩本町
0%
南区 東九条東御霊町
0%
南区 東九条東山王町
0%
南区 東九条東札辻町
0%
南区 東九条東松ノ木町
0%
南区 東九条松田町
0%
南区 東九条南石田町
0%
南区 東九条南岩本町
0%
南区 東九条南烏丸町
0%
南区 東九条南河辺町
0%
南区 東九条南河原町
0%
南区 東九条南山王町
0%
南区 東九条南松田町
0%
南区 東九条南松ノ木町
0%
南区 東九条室町
0%
南区 東九条柳下町
0%
南区 四ツ塚町
0%
右京区 太秦青木ケ原町
0%
右京区 太秦青木元町
0%
右京区 太秦荒木町
0%
右京区 太秦石垣町
0%
右京区 太秦和泉式部町
0%
右京区 太秦一ノ井町
0%
右京区 太秦一町芝町
0%
右京区 太秦井戸ケ尻町
0%
右京区 太秦乾町
0%
右京区 太秦馬塚町
0%
右京区 太秦奥殿町
0%
右京区 太秦面影町
0%
右京区 太秦海正寺町
0%
右京区 太秦開日町
0%
右京区 太秦垣内町
0%
右京区 太秦帷子ケ辻町
0%
右京区 太秦桂ケ原町
0%
右京区 太秦桂木町
0%
右京区 太秦上刑部町
0%
右京区 太秦上ノ段町
0%
右京区 太秦唐渡町
0%
右京区 太秦川所町
0%
右京区 太秦北路町
0%
右京区 太秦木ノ下町
0%
右京区 太秦京ノ道町
0%
右京区 太秦組石町
0%
右京区 太秦御所ノ内町
0%
右京区 太秦小手角町
0%
右京区 太秦御領田町
0%
右京区 太秦三尾町
0%
右京区 太秦下角田町
0%
右京区 太秦下刑部町
0%
右京区 太秦椙ケ本町
0%
右京区 太秦朱雀町
0%
右京区 太秦滝ケ花町
0%
右京区 太秦巽町
0%
右京区 太秦棚森町
0%
右京区 太秦多薮町
0%
右京区 太秦垂箕山町
0%
右京区 太秦辻ケ本町
0%
右京区 太秦土本町
0%
右京区 太秦中筋町
0%
右京区 太秦中堤町
0%
右京区 太秦中山町
0%
右京区 太秦西野町
0%
右京区 太秦西蜂岡町
0%
右京区 太秦野元町
0%
右京区 太秦袴田町
0%
右京区 太秦蜂岡町
0%
右京区 太秦八反田町
0%
右京区 太秦東唐渡町
0%
右京区 太秦東蜂岡町
0%
右京区 太秦樋ノ内町
0%
右京区 太秦藤ケ森町
0%
右京区 太秦堀池町
0%
右京区 太秦堀ケ内町
0%
右京区 太秦前ノ田町
0%
右京区 太秦松本町
0%
右京区 太秦皆正寺町
0%
右京区 太秦宮ノ前町
0%
右京区 太秦森ケ西町
0%
右京区 太秦森ケ東町
0%
右京区 太秦森ケ前町
0%
右京区 太秦門田町
0%
右京区 太秦百合ケ本町
0%
右京区 太秦安井池田町
0%
右京区 太秦安井一町田町
0%
右京区 太秦安井馬塚町
0%
右京区 太秦安井奥畑町
0%
右京区 太秦安井春日町
0%
右京区 太秦安井北御所町
0%
右京区 太秦安井車道町
0%
右京区 太秦安井小山町
0%
右京区 太秦安井辰巳町
0%
右京区 太秦安井辻ノ内町
0%
右京区 太秦安井西裏町
0%
右京区 太秦安井西沢町
0%
右京区 太秦安井二条裏町
0%
右京区 太秦安井東裏町
0%
右京区 太秦安井藤ノ木町
0%
右京区 太秦安井松本町
0%
右京区 太秦安井水戸田町
0%
右京区 太秦安井柳通町
0%
右京区 宇多野御池町
0%
右京区 宇多野御屋敷町
0%
右京区 宇多野上ノ谷町
0%
右京区 宇多野北ノ院町
0%
右京区 宇多野柴橋町
0%
右京区 宇多野芝町
0%
右京区 宇多野長尾町
0%
右京区 宇多野馬場町
0%
右京区 宇多野福王子町
0%
右京区 宇多野法安寺町
0%
右京区 梅ケ畑猪ノ尻町
0%
右京区 梅ケ畑上砥町
0%
右京区 梅ケ畑上ノ町
0%
右京区 梅ケ畑奥殿町
0%
右京区 梅ケ畑篝町
0%
右京区 梅ケ畑亀石町
0%
右京区 梅ケ畑川西町
0%
右京区 梅ケ畑久保谷町
0%
右京区 梅ケ畑御所ノ口町
0%
右京区 梅ケ畑笹江辺町
0%
右京区 梅ケ畑清水町
0%
右京区 梅ケ畑菖蒲谷
0%
右京区 梅ケ畑高雄町
0%
右京区 梅ケ畑高鼻町
0%
右京区 梅ケ畑栂尾町
0%
右京区 梅ケ畑殿畑町
0%
右京区 梅ケ畑中嶋町
0%
右京区 梅ケ畑中田町
0%
右京区 梅ケ畑中縄手町
0%
右京区 梅ケ畑西ノ畑町
0%
右京区 梅ケ畑畑ノ下町
0%
右京区 梅ケ畑畑町
0%
右京区 梅ケ畑引地町
0%
右京区 梅ケ畑檜社町
0%
右京区 梅ケ畑広芝町
0%
右京区 梅ケ畑古田町
0%
右京区 梅ケ畑槇尾町
0%
右京区 梅ケ畑御経坂町
0%
右京区 梅ケ畑宮ノ口町
0%
右京区 梅ケ畑向ノ地町
0%
右京区 梅ケ畑薮ノ下町
0%
右京区 梅ケ畑山崎町
0%
右京区 梅津石灘町
0%
右京区 梅津上田町
0%
右京区 梅津大縄場町
0%
右京区 梅津構口町
0%
右京区 梅津神田町
0%
右京区 梅津北浦町
0%
右京区 梅津北川町
0%
右京区 梅津北町
0%
右京区 梅津後藤町
0%
右京区 梅津坂本町
0%
右京区 梅津尻溝町
0%
右京区 梅津高畝町
0%
右京区 梅津段町
0%
右京区 梅津堤上町
0%
右京区 梅津堤下町
0%
右京区 梅津徳丸町
0%
右京区 梅津中倉町
0%
右京区 梅津中村町
0%
右京区 梅津西浦町
0%
右京区 梅津林口町
0%
右京区 梅津東構口町
0%
右京区 梅津開キ町
0%
右京区 梅津フケノ川町
0%
右京区 梅津罧原町
0%
右京区 梅津前田町
0%
右京区 梅津南上田町
0%
右京区 梅津南広町
0%
右京区 梅津南町
0%
右京区 御室大内
0%
右京区 御室岡ノ裾町
0%
右京区 御室小松野町
0%
右京区 御室芝橋町
0%
右京区 御室住吉山町
0%
右京区 御室竪町
0%
右京区 御室双岡町
0%
右京区 音戸山山ノ茶屋町
0%
右京区 北嵯峨赤坂町
0%
右京区 北嵯峨北ノ段町
0%
右京区 北嵯峨気比社町
0%
右京区 北嵯峨山王町
0%
右京区 北嵯峨長刀坂町
0%
右京区 北嵯峨名古曽町
0%
右京区 北嵯峨八丈町
0%
右京区 北嵯峨洞ノ内町
0%
右京区 北嵯峨六代芝町
0%
右京区 京北赤石町
0%
右京区 京北明石町
0%
右京区 京北浅江町
0%
右京区 京北井崎町
0%
右京区 京北井戸町
0%
右京区 京北宇野町
0%
右京区 京北漆谷町
0%
右京区 京北大野町
0%
右京区 京北小塩町
0%
右京区 京北柏原町
0%
右京区 京北片波町
0%
右京区 京北上黒田町
0%
右京区 京北上中町
0%
右京区 京北上弓削町
0%
右京区 京北熊田町
0%
右京区 京北五本松町
0%
右京区 京北塩田町
0%
右京区 京北室谷町
0%
右京区 京北下宇津町
0%
右京区 京北下熊田町
0%
右京区 京北下黒田町
0%
右京区 京北下町
0%
右京区 京北下中町
0%
右京区 京北下弓削町
0%
右京区 京北周山町
0%
右京区 京北芹生町
0%
右京区 京北田貫町
0%
右京区 京北中地町
0%
右京区 京北辻町
0%
右京区 京北塔町
0%
右京区 京北栃本町
0%
右京区 京北鳥居町
0%
右京区 京北中江町
0%
右京区 京北西町
0%
右京区 京北灰屋町
0%
右京区 京北初川町
0%
右京区 京北比賀江町
0%
右京区 京北細野町
0%
右京区 京北宮町
0%
右京区 京北矢代中町
0%
右京区 京北弓槻町
0%
右京区 西院乾町
0%
右京区 西院追分町
0%
右京区 西院太田町
0%
右京区 西院笠目町
0%
右京区 西院春日町
0%
右京区 西院金槌町
0%
右京区 西院上今田町
0%
右京区 西院上花田町
0%
右京区 西院北井御料町
0%
右京区 西院北矢掛町
0%
右京区 西院久田町
0%
右京区 西院久保田町
0%
右京区 西院高山寺町
0%
右京区 西院小米町
0%
右京区 西院寿町
0%
右京区 西院三蔵町
0%
右京区 西院四条畑町
0%
右京区 西院清水町
0%
右京区 西院下花田町
0%
右京区 西院春栄町
0%
右京区 西院高田町
0%
右京区 西院巽町
0%
右京区 西院月双町
0%
右京区 西院中水町
0%
右京区 西院西今田町
0%
右京区 西院西貝川町
0%
右京区 西院西寿町
0%
右京区 西院西三蔵町
0%
右京区 西院西淳和院町
0%
右京区 西院西高田町
0%
右京区 西院西田町
0%
右京区 西院西中水町
0%
右京区 西院西平町
0%
右京区 西院西溝崎町
0%
右京区 西院西矢掛町
0%
右京区 西院東今田町
0%
右京区 西院東貝川町
0%
右京区 西院東淳和院町
0%
右京区 西院東中水町
0%
右京区 西院坤町
0%
右京区 西院日照町
0%
右京区 西院平町
0%
右京区 西院松井町
0%
右京区 西院溝崎町
0%
右京区 西院南井御料町
0%
右京区 西院南寿町
0%
右京区 西院南高田町
0%
右京区 西院矢掛町
0%
右京区 西院安塚町
0%
右京区 西院六反田町
0%
右京区 嵯峨朝日町
0%
右京区 嵯峨愛宕町
0%
右京区 嵯峨石ケ坪町
0%
右京区 嵯峨伊勢ノ上町
0%
右京区 嵯峨一本木町
0%
右京区 嵯峨梅ノ木町
0%
右京区 嵯峨大沢町
0%
右京区 嵯峨小倉山町
0%
右京区 嵯峨折戸町
0%
右京区 嵯峨甲塚町
0%
右京区 嵯峨亀ノ尾町
0%
右京区 嵯峨亀山町
0%
右京区 嵯峨苅分町
0%
右京区 嵯峨北堀町
0%
右京区 嵯峨清滝町
0%
右京区 嵯峨五島町
0%
右京区 嵯峨新宮町
0%
右京区 嵯峨釣殿町
0%
右京区 嵯峨蜻蛉尻町
0%
右京区 嵯峨中通町
0%
右京区 嵯峨中之島町
0%
右京区 嵯峨中又町
0%
右京区 嵯峨中山町
0%
右京区 嵯峨野々宮町
0%
右京区 嵯峨広沢町
0%
右京区 嵯峨罧原町
0%
右京区 嵯峨明星町
0%
右京区 嵯峨柳田町
0%
右京区 嵯峨大沢落久保町
0%
右京区 嵯峨大沢柳井手町
0%
右京区 嵯峨小倉山小倉町
0%
右京区 嵯峨小倉山田渕山町
0%
右京区 嵯峨小倉山堂ノ前町
0%
右京区 嵯峨小倉山緋明神町
0%
右京区 嵯峨小倉山山本町
0%
右京区 嵯峨観空寺岡崎町
0%
右京区 嵯峨観空寺久保殿町
0%
右京区 嵯峨観空寺谷町
0%
右京区 嵯峨観空寺明水町
0%
右京区 嵯峨清滝一華表町
0%
右京区 嵯峨清滝大谷町
0%
右京区 嵯峨清滝空也滝町
0%
右京区 嵯峨清滝田鶴原町
0%
右京区 嵯峨清滝月ノ輪町
0%
右京区 嵯峨清滝深谷町
0%
右京区 嵯峨越畑北ノ町
0%
右京区 嵯峨越畑正権条
0%
右京区 嵯峨越畑尻谷
0%
右京区 嵯峨越畑筋違
0%
右京区 嵯峨越畑天慶
0%
右京区 嵯峨越畑中ノ町
0%
右京区 嵯峨越畑鍋浦
0%
右京区 嵯峨越畑兵庫前町
0%
右京区 嵯峨越畑南ノ町
0%
右京区 嵯峨越畑桃原
0%
右京区 嵯峨越畑桃原垣内
0%
右京区 嵯峨樒原稲荷元町
0%
右京区 嵯峨樒原清水町
0%
右京区 嵯峨樒原高見町
0%
右京区 嵯峨樒原宮ノ上町
0%
右京区 嵯峨樒原若宮下町
0%
右京区 嵯峨釈迦堂大門町
0%
右京区 嵯峨釈迦堂藤ノ木町
0%
右京区 嵯峨釈迦堂門前裏柳町
0%
右京区 嵯峨釈迦堂門前瀬戸川町
0%
右京区 嵯峨釈迦堂門前南中院町
0%
右京区 嵯峨大覚寺門前井頭町
0%
右京区 嵯峨大覚寺門前堂ノ前町
0%
右京区 嵯峨大覚寺門前登り町
0%
右京区 嵯峨大覚寺門前八軒町
0%
右京区 嵯峨大覚寺門前宮ノ下町
0%
右京区 嵯峨大覚寺門前六道町
0%
右京区 嵯峨天龍寺油掛町
0%
右京区 嵯峨天龍寺今堀町
0%
右京区 嵯峨天龍寺北造路町
0%
右京区 嵯峨天龍寺車道町
0%
右京区 嵯峨天龍寺椎野町
0%
右京区 嵯峨天龍寺芒ノ馬場町
0%
右京区 嵯峨天龍寺角倉町
0%
右京区 嵯峨天龍寺瀬戸川町
0%
右京区 嵯峨天龍寺立石町
0%
右京区 嵯峨天龍寺造路町
0%
右京区 嵯峨天龍寺中島町
0%
右京区 嵯峨天龍寺広道町
0%
右京区 嵯峨天龍寺龍門町
0%
右京区 嵯峨天龍寺若宮町
0%
右京区 嵯峨鳥居本化野町
0%
右京区 嵯峨鳥居本一華表町
0%
右京区 嵯峨鳥居本北代町
0%
右京区 嵯峨鳥居本小坂町
0%
右京区 嵯峨鳥居本仙翁町
0%
右京区 嵯峨鳥居本中筋町
0%
右京区 嵯峨鳥居本深谷町
0%
右京区 嵯峨鳥居本仏餉田町
0%
右京区 嵯峨鳥居本六反町
0%
右京区 嵯峨二尊院門前往生院町
0%
右京区 嵯峨二尊院門前北中院町
0%
右京区 嵯峨二尊院門前善光寺山町
0%
右京区 嵯峨二尊院門前長神町
0%
右京区 嵯峨野秋街道町
0%
右京区 嵯峨野有栖川町
0%
右京区 嵯峨野内田町
0%
右京区 嵯峨野神ノ木町
0%
右京区 嵯峨野北野町
0%
右京区 嵯峨野嵯峨ノ段町
0%
右京区 嵯峨野芝野町
0%
右京区 嵯峨野清水町
0%
右京区 嵯峨野高田町
0%
右京区 嵯峨野千代ノ道町
0%
右京区 嵯峨野投渕町
0%
右京区 嵯峨野西ノ藤町
0%
右京区 嵯峨野東田町
0%
右京区 嵯峨野開町
0%
右京区 嵯峨野南浦町
0%
右京区 嵯峨野宮ノ元町
0%
右京区 嵯峨野六反田町
0%
右京区 嵯峨広沢池下町
0%
右京区 嵯峨広沢北下馬野町
0%
右京区 嵯峨広沢御所ノ内町
0%
右京区 嵯峨広沢西裏町
0%
右京区 嵯峨広沢南下馬野町
0%
右京区 嵯峨広沢南野町
0%
右京区 嵯峨水尾大岩
0%
右京区 嵯峨水尾岡ノ窪町
0%
右京区 嵯峨水尾北垣内町
0%
右京区 嵯峨水尾清和
0%
右京区 嵯峨水尾竹ノ尻町
0%
右京区 嵯峨水尾鳩ケ巣
0%
右京区 嵯峨水尾宮ノ脇町
0%
右京区 嵯峨水尾武蔵嶋町
0%
右京区 谷口梅津間町
0%
右京区 谷口円成寺町
0%
右京区 谷口垣ノ内町
0%
右京区 谷口唐田ノ内町
0%
右京区 谷口園町
0%
右京区 常盤一ノ井町
0%
右京区 常盤馬塚町
0%
右京区 常盤御池町
0%
右京区 常盤音戸町
0%
右京区 常盤柏ノ木町
0%
右京区 常盤神田町
0%
右京区 常盤北裏町
0%
右京区 常盤草木町
0%
右京区 常盤窪町
0%
右京区 常盤下田町
0%
右京区 常盤段ノ上町
0%
右京区 常盤出口町
0%
右京区 常盤仲之町
0%
右京区 常盤西町
0%
右京区 常盤東ノ町
0%
右京区 常盤古御所町
0%
右京区 常盤村ノ内町
0%
右京区 常盤森町
0%
右京区 常盤山下町
0%
右京区 鳴滝泉谷町
0%
右京区 鳴滝泉殿町
0%
右京区 鳴滝宇多野谷
0%
右京区 鳴滝音戸山町
0%
右京区 鳴滝川西町
0%
右京区 鳴滝桐ケ淵町
0%
右京区 鳴滝嵯峨園町
0%
右京区 鳴滝白砂
0%
右京区 鳴滝宅間町
0%
右京区 鳴滝中道町
0%
右京区 鳴滝西嵯峨園町
0%
右京区 鳴滝蓮池町
0%
右京区 鳴滝春木町
0%
右京区 鳴滝般若寺町
0%
右京区 鳴滝藤ノ木町
0%
右京区 鳴滝本町
0%
右京区 鳴滝松本町
0%
右京区 鳴滝瑞穂町
0%
右京区 鳴滝安井殿町
0%
右京区 鳴滝蓮花寺町
0%
右京区 西京極畔勝町
0%
右京区 西京極午塚町
0%
右京区 西京極葛野町
0%
右京区 西京極河原町
0%
右京区 西京極河原町裏町
0%
右京区 西京極北裏町
0%
右京区 西京極北大入町
0%
右京区 西京極北衣手町
0%
右京区 西京極北庄境町
0%
右京区 西京極三反田町
0%
右京区 西京極芝ノ下町
0%
右京区 西京極下沢町
0%
右京区 西京極新田町
0%
右京区 西京極新明町
0%
右京区 西京極末広町
0%
右京区 西京極大門町
0%
右京区 西京極町ノ坪町
0%
右京区 西京極佃田町
0%
右京区 西京極堤下町
0%
右京区 西京極堤外町
0%
右京区 西京極堤町
0%
右京区 西京極徳大寺団子田町
0%
右京区 西京極徳大寺西団子田町
0%
右京区 西京極殿田町
0%
右京区 西京極中沢町
0%
右京区 西京極中町
0%
右京区 西京極長町
0%
右京区 西京極中溝町
0%
右京区 西京極南方町
0%
右京区 西京極西池田町
0%
右京区 西京極西大丸町
0%
右京区 西京極西川町
0%
右京区 西京極西衣手町
0%
右京区 西京極西団子田町
0%
右京区 西京極西向河原町
0%
右京区 西京極野田町
0%
右京区 西京極走上リ町
0%
右京区 西京極橋詰町
0%
右京区 西京極畑田町
0%
右京区 西京極浜ノ本町
0%
右京区 西京極火打畑町
0%
右京区 西京極東池田町
0%
右京区 西京極東大丸町
0%
右京区 西京極東側町
0%
右京区 西京極東衣手町
0%
右京区 西京極東町
0%
右京区 西京極東向河原町
0%
右京区 西京極古浜町
0%
右京区 西京極前田町
0%
右京区 西京極豆田町
0%
右京区 西京極南大入町
0%
右京区 西京極南衣手町
0%
右京区 西京極南庄境町
0%
右京区 西京極宮ノ東町
0%
右京区 西京極薮ノ下町
0%
右京区 西京極薮開町
0%
右京区 西京極郡猪馬場町
0%
右京区 西京極郡沢町
0%
右京区 西京極郡醍醐田町
0%
右京区 西京極郡附洲町
0%
右京区 西京極郡町
0%
右京区 花園一条田町
0%
右京区 花園猪ノ毛町
0%
右京区 花園伊町
0%
右京区 花園内畑町
0%
右京区 花園円成寺町
0%
右京区 花園扇野町
0%
右京区 花園大薮町
0%
右京区 花園岡ノ本町
0%
右京区 花園春日町
0%
右京区 花園木辻北町
0%
右京区 花園木辻南町
0%
右京区 花園車道町
0%
右京区 花園坤南町
0%
右京区 花園艮北町
0%
右京区 花園巽南町
0%
右京区 花園鷹司町
0%
右京区 花園段ノ岡町
0%
右京区 花園土堂町
0%
右京区 花園寺ノ内町
0%
右京区 花園寺ノ中町
0%
右京区 花園寺ノ前町
0%
右京区 花園天授ケ岡町
0%
右京区 花園中御門町
0%
右京区 花園馬代町
0%
右京区 花園宮ノ上町
0%
右京区 花園妙心寺町
0%
右京区 花園八ツ口町
0%
右京区 花園薮ノ下町
0%
右京区 山越乾町
0%
右京区 山越巽町
0%
右京区 山越中町
0%
右京区 山越西町
0%
右京区 山越東町
0%
右京区 山ノ内荒木町
0%
右京区 山ノ内池尻町
0%
右京区 山ノ内大町
0%
右京区 山ノ内北ノ口町
0%
右京区 山ノ内五反田町
0%
右京区 山ノ内赤山町
0%
右京区 山ノ内瀬戸畑町
0%
右京区 山ノ内苗町
0%
右京区 山ノ内中畑町
0%
右京区 山ノ内西裏町
0%
右京区 山ノ内西八反田町
0%
右京区 山ノ内御堂殿町
0%
右京区 山ノ内宮前町
0%
右京区 山ノ内宮脇町
0%
右京区 山ノ内山ノ下町
0%
右京区 山ノ内養老町
0%
右京区 龍安寺池ノ下町
0%
右京区 龍安寺衣笠下町
0%
右京区 龍安寺五反田町
0%
右京区 龍安寺御陵ノ下町
0%
右京区 龍安寺斎宮町
0%
右京区 龍安寺住吉町
0%
右京区 龍安寺玉津芝町
0%
右京区 龍安寺塔ノ下町
0%
右京区 龍安寺西ノ川町
0%
右京区 龍安寺山田町
0%
伏見区 小豆屋町
0%
伏見区 阿波橋町
0%
伏見区 石田内里町
0%
伏見区 石田大受町
0%
伏見区 石田大山町
0%
伏見区 石田川向
0%
伏見区 石田桜木
0%
伏見区 石田西ノ坪
0%
伏見区 石田森西
0%
伏見区 石田森東町
0%
伏見区 石田森南町
0%
伏見区 稲荷山官有地
0%
伏見区 今町
0%
伏見区 越前町
0%
伏見区 恵美酒町
0%
伏見区 御駕籠町
0%
伏見区 小栗栖石川町
0%
伏見区 小栗栖岩ケ淵町
0%
伏見区 小栗栖牛ケ淵町
0%
伏見区 小栗栖北後藤町
0%
伏見区 小栗栖北谷町
0%
伏見区 小栗栖小阪町
0%
伏見区 小栗栖中山田町
0%
伏見区 小栗栖西谷町
0%
伏見区 小栗栖西ノ峯
0%
伏見区 小栗栖鉢伏
0%
伏見区 小栗栖丸山
0%
伏見区 小栗栖南後藤町
0%
伏見区 小栗栖宮山
0%
伏見区 小栗栖森ケ淵町
0%
伏見区 小栗栖森本町
0%
伏見区 小栗栖山口町
0%
伏見区 柿木浜町
0%
伏見区 景勝町
0%
伏見区 過書町
0%
伏見区 片桐町
0%
伏見区 上油掛町
0%
伏見区 上板橋町
0%
伏見区 紙子屋町
0%
伏見区 上神泉苑町
0%
伏見区 上中町
0%
伏見区 川東町
0%
伏見区 革屋町
0%
伏見区 観音寺町
0%
伏見区 北尼崎町
0%
伏見区 北寝小屋町
0%
伏見区 北端町
0%
伏見区 北浜町
0%
伏見区 京橋町
0%
伏見区 京町
0%
伏見区 京町大黒町
0%
伏見区 京町8丁目横町
0%
伏見区 京町南
0%
伏見区 京町北
0%
伏見区 銀座町
0%
伏見区 久米町
0%
伏見区 車町
0%
伏見区 黒茶屋町
0%
伏見区 久我東町
0%
伏見区 久我石原町
0%
伏見区 久我御旅町
0%
伏見区 久我西出町
0%
伏見区 久我本町
0%
伏見区 久我森の宮町
0%
伏見区 御香宮門前町
0%
伏見区 讃岐町
0%
伏見区 治部町
0%
伏見区 島津町
0%
伏見区 下油掛町
0%
伏見区 下板橋町
0%
伏見区 下神泉苑町
0%
伏見区 下鳥羽長田町
0%
伏見区 下鳥羽上三栖町
0%
伏見区 下鳥羽上向島町
0%
伏見区 下鳥羽北円面田町
0%
伏見区 下鳥羽北三町
0%
伏見区 下鳥羽北ノ口町
0%
伏見区 下鳥羽小柳町
0%
伏見区 下鳥羽浄春ケ前町
0%
伏見区 下鳥羽城ノ越町
0%
伏見区 下鳥羽芹川町
0%
伏見区 下鳥羽但馬町
0%
伏見区 下鳥羽中円面田町
0%
伏見区 下鳥羽中三町
0%
伏見区 下鳥羽西芹川町
0%
伏見区 下鳥羽西柳長町
0%
伏見区 下鳥羽東芹川町
0%
伏見区 下鳥羽東柳長町
0%
伏見区 下鳥羽平塚町
0%
伏見区 下鳥羽広長町
0%
伏見区 下鳥羽前田町
0%
伏見区 下鳥羽南円面田町
0%
伏見区 下鳥羽南三町
0%
伏見区 下鳥羽南柳長町
0%
伏見区 下鳥羽南六反長町
0%
伏見区 下鳥羽葭田町
0%
伏見区 下鳥羽澱女町
0%
伏見区 下鳥羽六反長町
0%
伏見区 下鳥羽渡瀬町
0%
伏見区 下中町
0%
伏見区 撞木町
0%
伏見区 城通町
0%
伏見区 新中町
0%
伏見区 新町
0%
伏見区 周防町
0%
伏見区 墨染町
0%
伏見区 瀬戸物町
0%
伏見区 醍醐合場町
0%
伏見区 醍醐赤間南裏町
0%
伏見区 醍醐池田町
0%
伏見区 醍醐和泉町
0%
伏見区 醍醐一言寺裏町
0%
伏見区 醍醐一ノ切町
0%
伏見区 醍醐上ノ山町
0%
伏見区 醍醐内ケ井戸
0%
伏見区 醍醐江奈志町
0%
伏見区 醍醐大構町
0%
伏見区 醍醐大高町
0%
伏見区 醍醐大畑町
0%
伏見区 醍醐落保町
0%
伏見区 醍醐折戸町
0%
伏見区 醍醐鍵尾町
0%
伏見区 醍醐柿原町
0%
伏見区 醍醐柏森町
0%
伏見区 醍醐片山町
0%
伏見区 醍醐構口町
0%
伏見区 醍醐上端山町
0%
伏見区 醍醐上山口町
0%
伏見区 醍醐上山田
0%
伏見区 醍醐烏橋町
0%
伏見区 醍醐伽藍町
0%
伏見区 醍醐川久保町
0%
伏見区 醍醐岸ノ上町
0%
伏見区 醍醐北伽藍町
0%
伏見区 醍醐北谷
0%
伏見区 醍醐北西裏町
0%
伏見区 醍醐北端山
0%
伏見区 醍醐京道町
0%
伏見区 醍醐切レ戸町
0%
伏見区 醍醐御所ノ内
0%
伏見区 醍醐御霊ケ下町
0%
伏見区 醍醐御陵西裏町
0%
伏見区 醍醐御陵東裏町
0%
伏見区 醍醐三ノ切
0%
伏見区 醍醐下端山町
0%
伏見区 醍醐下山口町
0%
伏見区 醍醐勝口町
0%
伏見区 醍醐新開
0%
伏見区 醍醐新町裏町
0%
伏見区 醍醐外山街道町
0%
伏見区 醍醐醍醐山
0%
伏見区 醍醐高田
0%
伏見区 醍醐高畑町
0%
伏見区 醍醐多近田町
0%
伏見区 醍醐辰巳町
0%
伏見区 醍醐陀羅谷
0%
伏見区 醍醐僧尊坊町
0%
伏見区 醍醐中山町
0%
伏見区 醍醐西大路町
0%
伏見区 醍醐二ノ切町
0%
伏見区 醍醐狭間
0%
伏見区 醍醐東合場町
0%
伏見区 醍醐東大路町
0%
伏見区 醍醐平松町
0%
伏見区 醍醐古道町
0%
伏見区 醍醐槇ノ内町
0%
伏見区 醍醐廻り戸町
0%
伏見区 醍醐御園尾町
0%
伏見区 醍醐南里町
0%
伏見区 醍醐南谷
0%
伏見区 醍醐南西裏町
0%
伏見区 醍醐南端山町
0%
伏見区 醍醐宮ノ下町
0%
伏見区 醍醐山ケ鼻
0%
伏見区 醍醐連蔵
0%
伏見区 鷹匠町
0%
伏見区 竹田青池町
0%
伏見区 竹田内畑町
0%
伏見区 竹田桶ノ井町
0%
伏見区 竹田狩賀町
0%
伏見区 竹田北三ツ杭町
0%
伏見区 竹田久保町
0%
伏見区 竹田浄菩提院町
0%
伏見区 竹田醍醐田町
0%
伏見区 竹田田中殿町
0%
伏見区 竹田田中宮町
0%
伏見区 竹田段川原町
0%
伏見区 竹田鳥羽殿町
0%
伏見区 竹田中内畑町
0%
伏見区 竹田中川原町
0%
伏見区 竹田中島町
0%
伏見区 竹田七瀬川町
0%
伏見区 竹田西内畑町
0%
伏見区 竹田西桶ノ井町
0%
伏見区 竹田西小屋ノ内町
0%
伏見区 竹田西段川原町
0%
伏見区 竹田東小屋ノ内町
0%
伏見区 竹田泓ノ川町
0%
伏見区 竹田松林町
0%
伏見区 竹田真幡木町
0%
伏見区 竹田三ツ杭町
0%
伏見区 竹田向代町
0%
伏見区 竹田向代町川町
0%
伏見区 竹田流池町
0%
伏見区 竹田藁屋町
0%
伏見区 竹中町
0%
伏見区 丹後町
0%
伏見区 丹波橋町
0%
伏見区 津知橋町
0%
伏見区 問屋町
0%
伏見区 道阿弥町
0%
伏見区 等安町
0%
伏見区 桃陵町
0%
伏見区 鳥羽町
0%
伏見区 中油掛町
0%
伏見区 中島秋ノ山町
0%
伏見区 中島河原田町
0%
伏見区 中島北ノ口町
0%
伏見区 中島御所ノ内町
0%
伏見区 中島外山町
0%
伏見区 中島鳥羽離宮町
0%
伏見区 中島中道町
0%
伏見区 中島樋ノ上町
0%
伏見区 中島堀端町
0%
伏見区 中島前山町
0%
伏見区 中島宮ノ前町
0%
伏見区 中島流作町
0%
伏見区 鍋島町
0%
伏見区 成町
0%
伏見区 南部町
0%
伏見区 西尼崎町
0%
伏見区 西大手町
0%
伏見区 西鍵屋町
0%
伏見区 西堺町
0%
伏見区 西朱雀町
0%
伏見区 西浜町
0%
伏見区 西奉行町
0%
伏見区 西桝屋町
0%
伏見区 納所和泉屋
0%
伏見区 納所大野
0%
伏見区 納所岸ノ下
0%
伏見区 納所北城堀
0%
伏見区 納所下野
0%
伏見区 納所中河原
0%
伏見区 納所星柳
0%
伏見区 納所南城堀
0%
伏見区 納所妙徳寺
0%
伏見区 納所薬師堂
0%
伏見区 納所町
0%
伏見区 羽束師鴨川町
0%
伏見区 羽束師志水町
0%
伏見区 羽束師菱川町
0%
伏見区 羽束師古川町
0%
伏見区 東大手町
0%
伏見区 東組町
0%
伏見区 東堺町
0%
伏見区 東朱雀町
0%
伏見区 東大黒町
0%
伏見区 東浜南町
0%
伏見区 東菱屋町
0%
伏見区 東奉行町
0%
伏見区 肥後町
0%
伏見区 日野岡西町
0%
伏見区 日野奥出
0%
伏見区 日野北川頬
0%
伏見区 日野北山
0%
伏見区 日野慈悲町
0%
伏見区 日野田頬町
0%
伏見区 日野田中町
0%
伏見区 日野谷田町
0%
伏見区 日野谷寺町
0%
伏見区 日野西川頬
0%
伏見区 日野西大道町
0%
伏見区 日野西風呂町
0%
伏見区 日野野色町
0%
伏見区 日野畑出町
0%
伏見区 日野林
0%
伏見区 日野馬場出町
0%
伏見区 日野不動講町
0%
伏見区 日野船尾
0%
伏見区 日野南山
0%
伏見区 平戸町
0%
伏見区 深草相深町
0%
伏見区 深草鐙ケ谷町
0%
伏見区 深草池ノ内町
0%
伏見区 深草飯食町
0%
伏見区 深草飯食山町
0%
伏見区 深草石橋町
0%
伏見区 深草一ノ坪町
0%
伏見区 深草稲荷榎木橋町
0%
伏見区 深草稲荷御前町
0%
伏見区 深草稲荷鳥居前町
0%
伏見区 深草稲荷中之町
0%
伏見区 深草稲荷山町
0%
伏見区 深草今在家町
0%
伏見区 深草馬谷町
0%
伏見区 深草越後屋敷町
0%
伏見区 深草大島屋敷町
0%
伏見区 深草ヲカヤ町
0%
伏見区 深草開土口町
0%
伏見区 深草開土町
0%
伏見区 深草加賀屋敷町
0%
伏見区 深草兜山町
0%
伏見区 深草上横縄町
0%
伏見区 深草枯木町
0%
伏見区 深草川久保町
0%
伏見区 深草瓦町
0%
伏見区 深草願成町
0%
伏見区 深草勧進橋町
0%
伏見区 深草北鍵屋町
0%
伏見区 深草北新町
0%
伏見区 深草北蓮池町
0%
伏見区 深草キトロ町
0%
伏見区 深草霧ケ谷町
0%
伏見区 深草鞍ケ谷
0%
伏見区 深草車阪町
0%
伏見区 深草ケナサ町
0%
伏見区 深草小久保町
0%
伏見区 深草極楽寺町
0%
伏見区 深草極楽寺山町
0%
伏見区 深草極楽町
0%
伏見区 深草五反田町
0%
伏見区 深草紺屋町
0%
伏見区 深草笹山町
0%
伏見区 深草佐野屋敷町
0%
伏見区 深草柴田屋敷町
0%
伏見区 深草下川原町
0%
伏見区 深草下高松町
0%
伏見区 深草下横縄町
0%
伏見区 深草十九軒町
0%
伏見区 深草正覚町
0%
伏見区 深草真宗院山町
0%
伏見区 深草神明講谷町
0%
伏見区 深草新門丈町
0%
伏見区 深草鈴塚町
0%
伏見区 深草ススハキ町
0%
伏見区 深草砂子谷町
0%
伏見区 深草墨染町
0%
伏見区 深草石峰寺山町
0%
伏見区 深草関屋敷町
0%
伏見区 深草仙石屋敷町
0%
伏見区 深草善導寺町
0%
伏見区 深草僧坊町
0%
伏見区 深草僧坊山町
0%
伏見区 深草大門町
0%
伏見区 深草谷口町
0%
伏見区 深草田谷町
0%
伏見区 深草町通町
0%
伏見区 深草塚本町
0%
伏見区 深草寺内町
0%
伏見区 深草出羽屋敷町
0%
伏見区 深草東軸町
0%
伏見区 深草砥粉山町
0%
伏見区 深草鳥居崎町
0%
伏見区 深草中川原町
0%
伏見区 深草中ノ郷山町
0%
伏見区 深草中ノ島町
0%
伏見区 深草七瀬川町
0%
伏見区 深草南明町
0%
伏見区 深草西飯食町
0%
伏見区 深草西浦町
0%
伏見区 深草西川原町
0%
伏見区 深草西伊達町
0%
伏見区 深草西出町
0%
伏見区 深草西出山町
0%
伏見区 深草野田町
0%
伏見区 深草野手町
0%
伏見区 深草祓川町
0%
伏見区 深草東瓦町
0%
伏見区 深草東伊達町
0%
伏見区 深草平田町
0%
伏見区 深草フケノ内町
0%
伏見区 深草泓ノ壺町
0%
伏見区 深草藤田坪町
0%
伏見区 深草藤森玄蕃町
0%
伏見区 深草藤森町
0%
伏見区 深草フチ町
0%
伏見区 深草坊町
0%
伏見区 深草宝塔寺山町
0%
伏見区 深草坊山町
0%
伏見区 深草堀田町
0%
伏見区 深草本寺山町
0%
伏見区 深草南蓮池町
0%
伏見区 深草宮谷町
0%
伏見区 深草向ケ原町
0%
伏見区 深草向川原町
0%
伏見区 深草向畑町
0%
伏見区 深草森吉町
0%
伏見区 深草薮之内町
0%
伏見区 深草山村町
0%
伏見区 深草芳永町
0%
伏見区 深草芳本町
0%
伏見区 深草六反田町
0%
伏見区 深草綿森町
0%
伏見区 深草大亀谷安信町
0%
伏見区 深草大亀谷岩山町
0%
伏見区 深草大亀谷大谷町
0%
伏見区 深草大亀谷大山町
0%
伏見区 深草大亀谷金森出雲町
0%
伏見区 深草大亀谷五郎太町
0%
伏見区 深草大亀谷敦賀町
0%
伏見区 深草大亀谷内膳町
0%
伏見区 深草大亀谷西久宝寺町
0%
伏見区 深草大亀谷西寺町
0%
伏見区 深草大亀谷東安信町
0%
伏見区 深草大亀谷東久宝寺町
0%
伏見区 深草大亀谷東寺町
0%
伏見区 深草大亀谷東古御香町
0%
伏見区 深草大亀谷古御香町
0%
伏見区 深草大亀谷万帖敷町
0%
伏見区 深草大亀谷八島町
0%
伏見区 深草大亀谷六躰町
0%
伏見区 深草直違橋
0%
伏見区 深草直違橋片町
0%
伏見区 深草直違橋南
0%
伏見区 深草直違橋北
0%
伏見区 奉行前町
0%
伏見区 舞台町
0%
伏見区 豊後橋町
0%
伏見区 伯耆町
0%
伏見区 桝形町
0%
伏見区 三栖町
0%
伏見区 三栖半町
0%
伏見区 三栖向町
0%
伏見区 御堂前町
0%
伏見区 南尼崎町
0%
伏見区 南新地
0%
伏見区 南寝小屋町
0%
伏見区 南浜町
0%
伏見区 向島上五反田
0%
伏見区 向島上林町
0%
伏見区 向島庚申町
0%
伏見区 向島清水町
0%
伏見区 向島下五反田
0%
伏見区 向島下之町
0%
伏見区 向島新上林
0%
伏見区 向島吹田河原町
0%
伏見区 向島善阿弥町
0%
伏見区 向島大黒
0%
伏見区 向島鷹場町
0%
伏見区 向島立河原町
0%
伏見区 向島津田町
0%
伏見区 向島東泉寺町
0%
伏見区 向島中島町
0%
伏見区 向島中之町
0%
伏見区 向島西定請
0%
伏見区 向島西堤町
0%
伏見区 向島二ノ丸町
0%
伏見区 向島二本柳
0%
伏見区 向島橋詰町
0%
伏見区 向島東定請
0%
伏見区 向島藤ノ木町
0%
伏見区 向島本丸町
0%
伏見区 向島又兵衛
0%
伏見区 向島丸町
0%
伏見区 向島四ツ谷池
0%
伏見区 向島渡シ場町
0%
伏見区 村上町
0%
伏見区 毛利町
0%
伏見区 本材木町
0%
伏見区 桃山井伊掃部東町
0%
伏見区 桃山井伊掃部西町
0%
伏見区 桃山紅雪町
0%
伏見区 桃山筑前台町
0%
伏見区 桃山筒井伊賀東町
0%
伏見区 桃山筒井伊賀西町
0%
伏見区 桃山長岡越中東町
0%
伏見区 桃山長岡越中南町
0%
伏見区 桃山長岡越中北町
0%
伏見区 桃山羽柴長吉中町
0%
伏見区 桃山羽柴長吉東町
0%
伏見区 桃山羽柴長吉西町
0%
伏見区 桃山福島太夫西町
0%
伏見区 桃山福島太夫南町
0%
伏見区 桃山福島太夫北町
0%
伏見区 桃山水野左近東町
0%
伏見区 桃山水野左近西町
0%
伏見区 桃山南大島町
0%
伏見区 桃山毛利長門東町
0%
伏見区 桃山毛利長門西町
0%
伏見区 桃山最上町
0%
伏見区 桃山与五郎町
0%
伏見区 桃山町安芸山
0%
伏見区 桃山町伊賀
0%
伏見区 桃山町和泉
0%
伏見区 桃山町板倉周防
0%
伏見区 桃山町因幡
0%
伏見区 桃山町伊庭
0%
伏見区 桃山町大蔵
0%
伏見区 桃山町大島
0%
伏見区 桃山町大津町
0%
伏見区 桃山町金井戸島
0%
伏見区 桃山町金森出雲
0%
伏見区 桃山町古城山
0%
伏見区 桃山町島津
0%
伏見区 桃山町下野
0%
伏見区 桃山町真斉
0%
伏見区 桃山町新町
0%
伏見区 桃山町駿河
0%
伏見区 桃山町泰長老
0%
伏見区 桃山町立売
0%
伏見区 桃山町丹下
0%
伏見区 桃山町丹後
0%
伏見区 桃山町弾正島
0%
伏見区 桃山町遠山
0%
伏見区 桃山町永井久太郎
0%
伏見区 桃山町中島町
0%
伏見区 桃山町鍋島
0%
伏見区 桃山町西尾
0%
伏見区 桃山町西町
0%
伏見区 桃山町根来
0%
伏見区 桃山町東町
0%
伏見区 桃山町日向
0%
伏見区 桃山町本多上野
0%
伏見区 桃山町正宗
0%
伏見区 桃山町町並
0%
伏見区 桃山町松平筑前
0%
伏見区 桃山町松平武蔵
0%
伏見区 桃山町三河
0%
伏見区 桃山町見附町
0%
伏見区 桃山町美濃
0%
伏見区 桃山町山ノ下
0%
伏見区 桃山町養斉
0%
伏見区 鑓屋町
0%
伏見区 横大路一本木
0%
伏見区 横大路柿ノ本町
0%
伏見区 横大路上ノ浜町
0%
伏見区 横大路北ノ口町
0%
伏見区 横大路貴船
0%
伏見区 横大路草津町
0%
伏見区 横大路畔ノ内
0%
伏見区 横大路鍬ノ本
0%
伏見区 横大路西海道
0%
伏見区 横大路芝生
0%
伏見区 横大路下ノ坪
0%
伏見区 横大路朱雀
0%
伏見区 横大路神宮寺
0%
伏見区 横大路菅本
0%
伏見区 横大路千両松町
0%
伏見区 横大路龍ケ池
0%
伏見区 横大路天王後
0%
伏見区 横大路天王前
0%
伏見区 横大路富ノ森町
0%
伏見区 横大路中ノ島町
0%
伏見区 横大路中ノ庄町
0%
伏見区 横大路長畑町
0%
伏見区 横大路沼
0%
伏見区 横大路橋本
0%
伏見区 横大路畑中町
0%
伏見区 横大路八反田
0%
伏見区 横大路東裏町
0%
伏見区 横大路前川町
0%
伏見区 横大路松林
0%
伏見区 横大路向ヒ
0%
伏見区 横大路六反畑
0%
伏見区 横大路下三栖梶原町
0%
伏見区 横大路下三栖里ノ内
0%
伏見区 横大路下三栖城ノ前町
0%
伏見区 横大路下三栖辻堂町
0%
伏見区 横大路下三栖南郷
0%
伏見区 横大路下三栖東ノ口
0%
伏見区 横大路下三栖宮ノ後
0%
伏見区 横大路下三栖山殿
0%
伏見区 横大路三栖池田屋敷町
0%
伏見区 横大路三栖木下屋敷町
0%
伏見区 横大路三栖大黒町
0%
伏見区 横大路三栖泥町跡町
0%
伏見区 横大路三栖山城屋敷町
0%
伏見区 葭島金井戸町
0%
伏見区 葭島矢倉町
0%
伏見区 葭島渡場島町
0%
伏見区 淀池上町
0%
伏見区 淀大下津町
0%
伏見区 淀川顔町
0%
伏見区 淀木津町
0%
伏見区 淀際目町
0%
伏見区 淀下津町
0%
伏見区 淀新町
0%
伏見区 淀生津町
0%
伏見区 淀樋爪町
0%
伏見区 淀本町
0%
伏見区 淀水垂町
0%
伏見区 淀美豆町
0%
伏見区 両替町
0%
山科区 安朱稲荷山町
0%
山科区 安朱奥ノ田
0%
山科区 安朱川向町
0%
山科区 安朱北屋敷町
0%
山科区 安朱桟敷町
0%
山科区 安朱堂ノ後町
0%
山科区 安朱中小路町
0%
山科区 安朱中溝町
0%
山科区 安朱馬場ノ西町
0%
山科区 安朱馬場ノ東町
0%
山科区 安朱東海道町
0%
山科区 安朱東谷
0%
山科区 安朱毘沙門堂町
0%
山科区 安朱南屋敷町
0%
山科区 安朱屋敷町
0%
山科区 安朱山川町
0%
山科区 安朱山田
0%
山科区 上野御所ノ内町
0%
山科区 上野寺井町
0%
山科区 上野山田
0%
山科区 大塚大岩
0%
山科区 大塚北溝町
0%
山科区 大塚高岩
0%
山科区 大塚丹田
0%
山科区 大塚檀ノ浦
0%
山科区 大塚中溝
0%
山科区 大塚西浦町
0%
山科区 大塚野溝町
0%
山科区 大塚南溝町
0%
山科区 大塚向畑町
0%
山科区 大塚元屋敷町
0%
山科区 大塚森町
0%
山科区 大宅石郡町
0%
山科区 大宅岩屋殿
0%
山科区 大宅打明町
0%
山科区 大宅奥山田
0%
山科区 大宅烏田町
0%
山科区 大宅神納町
0%
山科区 大宅甲ノ辻町
0%
山科区 大宅御供田町
0%
山科区 大宅御所田町
0%
山科区 大宅御所山
0%
山科区 大宅五反畑町
0%
山科区 大宅坂ノ辻町
0%
山科区 大宅桟敷
0%
山科区 大宅沢町
0%
山科区 大宅関生町
0%
山科区 大宅辻脇町
0%
山科区 大宅鳥井脇町
0%
山科区 大宅中小路町
0%
山科区 大宅古海道町
0%
山科区 大宅細田町
0%
山科区 大宅向山
0%
山科区 大宅山田
0%
山科区 大宅早稲ノ内町
0%
山科区 音羽伊勢宿町
0%
山科区 音羽稲芝
0%
山科区 音羽乙出町
0%
山科区 音羽草田町
0%
山科区 音羽沢町
0%
山科区 音羽山等地
0%
山科区 音羽千本町
0%
山科区 音羽珍事町
0%
山科区 音羽中芝町
0%
山科区 音羽西林
0%
山科区 音羽野田町
0%
山科区 音羽八ノ坪
0%
山科区 音羽初田町
0%
山科区 音羽平林町
0%
山科区 音羽前田町
0%
山科区 音羽前出町
0%
山科区 音羽森廻り町
0%
山科区 音羽役出町
0%
山科区 小野蚊ケ瀬町
0%
山科区 小野鐘付田町
0%
山科区 小野河原町
0%
山科区 小野御所ノ内町
0%
山科区 小野御霊町
0%
山科区 小野荘司町
0%
山科区 小野高芝町
0%
山科区 小野葛篭尻町
0%
山科区 小野西浦
0%
山科区 小野弓田町
0%
山科区 上花山旭山町
0%
山科区 上花山久保町
0%
山科区 上花山講田町
0%
山科区 上花山坂尻
0%
山科区 上花山桜谷
0%
山科区 上花山花ノ岡町
0%
山科区 川田岩ケ谷
0%
山科区 川田梅ケ谷町
0%
山科区 川田御出町
0%
山科区 川田岡ノ西
0%
山科区 川田欠ノ上
0%
山科区 川田清水焼団地町
0%
山科区 川田土仏
0%
山科区 川田百々
0%
山科区 川田中畑町
0%
山科区 川田西浦町
0%
山科区 川田菱尾田
0%
山科区 川田前畑町
0%
山科区 川田御輿塚町
0%
山科区 川田南畑町
0%
山科区 川田南山
0%
山科区 川田山田
0%
山科区 勧修寺閑林寺
0%
山科区 勧修寺北大日
0%
山科区 勧修寺北大日町
0%
山科区 勧修寺御所内町
0%
山科区 勧修寺小松原町
0%
山科区 勧修寺柴山
0%
山科区 勧修寺下ノ茶屋町
0%
山科区 勧修寺瀬戸河原町
0%
山科区 勧修寺泉玉町
0%
山科区 勧修寺堂田
0%
山科区 勧修寺縄手町
0%
山科区 勧修寺仁王堂町
0%
山科区 勧修寺西金ケ崎
0%
山科区 勧修寺西北出町
0%
山科区 勧修寺西栗栖野町
0%
山科区 勧修寺冷尻
0%
山科区 勧修寺東金ケ崎町
0%
山科区 勧修寺東北出町
0%
山科区 勧修寺東栗栖野町
0%
山科区 勧修寺東出町
0%
山科区 勧修寺東堂田町
0%
山科区 勧修寺平田町
0%
山科区 勧修寺福岡町
0%
山科区 勧修寺風呂尻町
0%
山科区 勧修寺本堂山町
0%
山科区 勧修寺丸山町
0%
山科区 勧修寺南大日
0%
山科区 勧修寺南大日町
0%
山科区 勧修寺南谷町
0%
山科区 北花山市田町
0%
山科区 北花山大林町
0%
山科区 北花山大峰町
0%
山科区 北花山上稚児ケ池
0%
山科区 北花山河原町
0%
山科区 北花山寺内町
0%
山科区 北花山中道町
0%
山科区 北花山西ノ野町
0%
山科区 北花山山田町
0%
山科区 北花山横田町
0%
山科区 北花山六反田町
0%
山科区 栗栖野打越町
0%
山科区 栗栖野狐塚
0%
山科区 栗栖野中臣町
0%
山科区 栗栖野華ノ木町
0%
山科区 小山一石畑
0%
山科区 小山小川町
0%
山科区 小山神無森町
0%
山科区 小山北林町
0%
山科区 小山北溝町
0%
山科区 小山御坊ノ内町
0%
山科区 小山下ノ池
0%
山科区 小山谷田町
0%
山科区 小山鎮守町
0%
山科区 小山中島町
0%
山科区 小山中ノ川町
0%
山科区 小山西御所町
0%
山科区 小山姫子町
0%
山科区 小山松原畑町
0%
山科区 小山南溝町
0%
山科区 四ノ宮岩久保町
0%
山科区 四ノ宮垣ノ内町
0%
山科区 四ノ宮鎌手町
0%
山科区 四ノ宮川原町
0%
山科区 四ノ宮神田町
0%
山科区 四ノ宮行者谷
0%
山科区 四ノ宮熊ケ谷
0%
山科区 四ノ宮小金塚
0%
山科区 四ノ宮芝畑町
0%
山科区 四ノ宮新開畑
0%
山科区 四ノ宮泉水町
0%
山科区 四ノ宮大将軍町
0%
山科区 四ノ宮中在寺町
0%
山科区 四ノ宮堂ノ後町
0%
山科区 四ノ宮奈良野町
0%
山科区 四ノ宮泓
0%
山科区 四ノ宮南河原町
0%
山科区 四ノ宮柳山町
0%
山科区 四ノ宮山田町
0%
山科区 厨子奥尾上町
0%
山科区 厨子奥花鳥町
0%
山科区 厨子奥長通
0%
山科区 厨子奥苗代元町
0%
山科区 厨子奥矢倉町
0%
山科区 厨子奥若林町
0%
山科区 竹鼻扇町
0%
山科区 竹鼻木ノ本町
0%
山科区 竹鼻サイカシ町
0%
山科区 竹鼻地蔵寺南町
0%
山科区 竹鼻四丁野町
0%
山科区 竹鼻外田町
0%
山科区 竹鼻竹ノ街道町
0%
山科区 竹鼻立原町
0%
山科区 竹鼻堂ノ前町
0%
山科区 竹鼻西ノ口町
0%
山科区 椥辻池尻町
0%
山科区 椥辻草海道町
0%
山科区 椥辻中在家町
0%
山科区 椥辻西浦町
0%
山科区 椥辻西潰
0%
山科区 椥辻番所ケ口町
0%
山科区 椥辻東浦町
0%
山科区 椥辻東潰
0%
山科区 椥辻平田町
0%
山科区 椥辻封シ川町
0%
山科区 西野阿芸沢町
0%
山科区 西野今屋敷町
0%
山科区 西野大手先町
0%
山科区 西野大鳥井町
0%
山科区 西野岸ノ下町
0%
山科区 西野後藤
0%
山科区 西野小柳町
0%
山科区 西野左義長町
0%
山科区 西野山階町
0%
山科区 西野野色町
0%
山科区 西野八幡田町
0%
山科区 西野櫃川町
0%
山科区 西野広見町
0%
山科区 西野楳本町
0%
山科区 西野様子見町
0%
山科区 西野離宮町
0%
山科区 西野山射庭ノ上町
0%
山科区 西野山岩ケ谷町
0%
山科区 西野山欠ノ上町
0%
山科区 西野山桜ノ馬場町
0%
山科区 西野山百々町
0%
山科区 西野山中臣町
0%
山科区 西野山中鳥井町
0%
山科区 西野山中畑町
0%
山科区 西野山南畑町
0%
山科区 西野山山田
0%
山科区 八軒屋敷町
0%
山科区 東野井ノ上町
0%
山科区 東野片下リ町
0%
山科区 東野北井ノ上町
0%
山科区 東野狐藪町
0%
山科区 東野竹田
0%
山科区 東野中井ノ上町
0%
山科区 東野八反畑町
0%
山科区 東野百拍子町
0%
山科区 東野舞台町
0%
山科区 東野南井ノ上町
0%
山科区 東野森野町
0%
山科区 東野門口町
0%
山科区 東野八代
0%
山科区 髭茶屋桃燈町
0%
山科区 髭茶屋屋敷町
0%
山科区 日ノ岡朝田町
0%
山科区 日ノ岡石塚町
0%
山科区 日ノ岡一切経谷町
0%
山科区 日ノ岡夷谷町
0%
山科区 日ノ岡鴨土町
0%
山科区 日ノ岡坂脇町
0%
山科区 日ノ岡堤谷町
0%
山科区 日ノ岡ホッパラ町
0%
山科区 御陵荒巻町
0%
山科区 御陵安祥寺町
0%
山科区 御陵池堤町
0%
山科区 御陵牛尾町
0%
山科区 御陵大岩
0%
山科区 御陵大谷町
0%
山科区 御陵大津畑町
0%
山科区 御陵岡町
0%
山科区 御陵岡ノ西町
0%
山科区 御陵上御廟野町
0%
山科区 御陵鴨戸町
0%
山科区 御陵久保町
0%
山科区 御陵黒岩
0%
山科区 御陵沢ノ川町
0%
山科区 御陵三蔵町
0%
山科区 御陵四丁野町
0%
山科区 御陵下御廟野町
0%
山科区 御陵進藤町
0%
山科区 御陵田山町
0%
山科区 御陵檀ノ後
0%
山科区 御陵血洗町
0%
山科区 御陵天徳町
0%
山科区 御陵鳥ノ向町
0%
山科区 御陵中内町
0%
山科区 御陵中筋町
0%
山科区 御陵原西町
0%
山科区 御陵平林町
0%
山科区 御陵封ジ山町
0%
山科区 御陵別所町
0%
山科区 御陵山ノ谷
0%
西京区 嵐山朝月町
0%
西京区 嵐山内田町
0%
西京区 嵐山上海道町
0%
西京区 嵐山上河原町
0%
西京区 嵐山元録山町
0%
西京区 嵐山虚空蔵山町
0%
西京区 嵐山谷ケ辻子町
0%
西京区 嵐山茶尻町
0%
西京区 嵐山中尾下町
0%
西京区 嵐山西一川町
0%
西京区 嵐山東一川町
0%
西京区 嵐山東海道町
0%
西京区 嵐山樋ノ上町
0%
西京区 嵐山風呂ノ橋町
0%
西京区 嵐山宮ノ北町
0%
西京区 嵐山宮ノ前町
0%
西京区 嵐山宮町
0%
西京区 嵐山森ノ前町
0%
西京区 嵐山薬師下町
0%
西京区 嵐山山田町
0%
西京区 嵐山山ノ下町
0%
西京区 牛ケ瀬青柳町
0%
西京区 牛ケ瀬奥ノ防町
0%
西京区 牛ケ瀬川原口町
0%
西京区 牛ケ瀬新田泓町
0%
西京区 牛ケ瀬堂田町
0%
西京区 牛ケ瀬西柿町
0%
西京区 牛ケ瀬林ノ本町
0%
西京区 牛ケ瀬南ノ口町
0%
西京区 牛ケ瀬山柿町
0%
西京区 牛ケ瀬弥生町
0%
西京区 大枝北沓掛町
0%
西京区 大枝北福西町
0%
西京区 大枝沓掛町
0%
西京区 大枝塚原町
0%
西京区 大枝中山町
0%
西京区 大枝西新林町
0%
西京区 大枝西長町
0%
西京区 大枝東新林町
0%
西京区 大枝東長町
0%
西京区 大枝南福西町
0%
西京区 大原野石作町
0%
西京区 大原野出灰町
0%
西京区 大原野石見町
0%
西京区 大原野上羽町
0%
西京区 大原野小塩町
0%
西京区 大原野上里男鹿町
0%
西京区 大原野上里勝山町
0%
西京区 大原野上里北ノ町
0%
西京区 大原野上里鳥見町
0%
西京区 大原野上里南ノ町
0%
西京区 大原野上里紅葉町
0%
西京区 大原野北春日町
0%
西京区 大原野外畑町
0%
西京区 大原野西境谷町
0%
西京区 大原野西竹の里町
0%
西京区 大原野灰方町
0%
西京区 大原野東境谷町
0%
西京区 大原野東竹の里町
0%
西京区 大原野東野町
0%
西京区 大原野南春日町
0%
西京区 樫原畔ノ海道
0%
西京区 樫原池ノ上町
0%
西京区 樫原石畑町
0%
西京区 樫原井戸
0%
西京区 樫原芋峠
0%
西京区 樫原宇治井町
0%
西京区 樫原宇治井西町
0%
西京区 樫原内垣外町
0%
西京区 樫原江ノ本町
0%
西京区 樫原大亀谷
0%
西京区 樫原岡南ノ庄
0%
西京区 樫原上池田町
0%
西京区 樫原上ノ町
0%
西京区 樫原釘貫
0%
西京区 樫原口戸
0%
西京区 樫原久保町
0%
西京区 樫原甲水
0%
西京区 樫原五反田
0%
西京区 樫原里ノ垣外町
0%
西京区 樫原鴫谷
0%
西京区 樫原下池田町
0%
西京区 樫原下ノ町
0%
西京区 樫原杉原町
0%
西京区 樫原角田町
0%
西京区 樫原蛸田町
0%
西京区 樫原田中町
0%
西京区 樫原茶ノ木本町
0%
西京区 樫原塚ノ本町
0%
西京区 樫原佃
0%
西京区 樫原百々ケ池
0%
西京区 樫原中垣外
0%
西京区 樫原庭井
0%
西京区 樫原硲町
0%
西京区 樫原秤谷町
0%
西京区 樫原八反田
0%
西京区 樫原比恵田町
0%
西京区 樫原平田町
0%
西京区 樫原盆山
0%
西京区 樫原前田町
0%
西京区 樫原水築町
0%
西京区 樫原三宅町
0%
西京区 樫原山路
0%
西京区 樫原山ノ上町
0%
西京区 樫原六反田
0%
西京区 樫原分田
0%
西京区 桂浅原町
0%
西京区 桂朝日町
0%
西京区 桂池尻町
0%
西京区 桂市ノ前町
0%
西京区 桂稲荷山町
0%
西京区 桂乾町
0%
西京区 桂艮町
0%
西京区 桂大縄町
0%
西京区 桂春日町
0%
西京区 桂上豆田町
0%
西京区 桂河田町
0%
西京区 桂北滝川町
0%
西京区 桂木ノ下町
0%
西京区 桂後水町
0%
西京区 桂御所町
0%
西京区 桂芝ノ下町
0%
西京区 桂清水町
0%
西京区 桂下豆田町
0%
西京区 桂巽町
0%
西京区 桂千代原町
0%
西京区 桂徳大寺北町
0%
西京区 桂徳大寺町
0%
西京区 桂徳大寺東町
0%
西京区 桂徳大寺南町
0%
西京区 桂西滝川町
0%
西京区 桂野里町
0%
西京区 桂畑ケ田町
0%
西京区 桂久方町
0%
西京区 桂坤町
0%
西京区 桂御園
0%
西京区 桂南滝川町
0%
西京区 桂南巽町
0%
西京区 桂上野今井町
0%
西京区 桂上野川原町
0%
西京区 桂上野中町
0%
西京区 桂上野東町
0%
西京区 桂上野西町
0%
西京区 桂上野南町
0%
西京区 桂上野北町
0%
西京区 上桂今井町
0%
西京区 上桂大野町
0%
西京区 上桂北ノ口町
0%
西京区 上桂北村町
0%
西京区 上桂三ノ宮町
0%
西京区 上桂西居町
0%
西京区 上桂東居町
0%
西京区 上桂東ノ口町
0%
西京区 上桂樋ノ口町
0%
西京区 上桂前川町
0%
西京区 上桂前田町
0%
西京区 上桂御正町
0%
西京区 上桂宮ノ後町
0%
西京区 上桂森上町
0%
西京区 上桂森下町
0%
西京区 川島有栖川町
0%
西京区 川島粟田町
0%
西京区 川島梅園町
0%
西京区 川島北裏町
0%
西京区 川島五反長町
0%
西京区 川島権田町
0%
西京区 川島桜園町
0%
西京区 川島三重町
0%
西京区 川島尻堀町
0%
西京区 川島竹園町
0%
西京区 川島玉頭町
0%
西京区 川島調子町
0%
西京区 川島寺田町
0%
西京区 川島流田町
0%
西京区 川島滑樋町
0%
西京区 川島野田町
0%
西京区 川島東代町
0%
西京区 川島松園町
0%
西京区 川島松ノ木本町
0%
西京区 川島莚田町
0%
西京区 川島六ノ坪町
0%
西京区 京都大学桂
0%
西京区 御陵荒木町
0%
西京区 御陵池ノ谷
0%
西京区 御陵内町
0%
西京区 御陵大枝山町
0%
西京区 御陵大原
0%
西京区 御陵御茶屋山
0%
西京区 御陵北大枝山町
0%
西京区 御陵北山下町
0%
西京区 御陵北山町
0%
西京区 御陵鴫谷
0%
西京区 御陵谷町
0%
西京区 御陵塚ノ越町
0%
西京区 御陵細谷
0%
西京区 御陵溝浦町
0%
西京区 御陵南荒木町
0%
西京区 御陵峰ケ堂町
0%
西京区 下津林北浦町
0%
西京区 下津林楠町
0%
西京区 下津林芝ノ宮町
0%
西京区 下津林大般若町
0%
西京区 下津林佃
0%
西京区 下津林中島町
0%
西京区 下津林番条
0%
西京区 下津林番条町
0%
西京区 下津林東芝ノ宮町
0%
西京区 下津林東大般若町
0%
西京区 下津林前泓町
0%
西京区 下津林水掛町
0%
西京区 下津林南大般若町
0%
西京区 下津林南中島町
0%
西京区 下津林六反田
0%
西京区 徳大寺清水町
0%
西京区 松尾井戸町
0%
西京区 松尾上ノ山町
0%
西京区 松尾木ノ曽町
0%
西京区 松尾神ケ谷町
0%
西京区 松尾鈴川町
0%
西京区 松尾大利町
0%
西京区 松尾東ノ口町
0%
西京区 松尾万石町
0%
西京区 松室吾田神町
0%
西京区 松室荒堀町
0%
西京区 松室追上ゲ町
0%
西京区 松室扇田町
0%
西京区 松室河原町
0%
西京区 松室北河原町
0%
西京区 松室地家町
0%
西京区 松室地家山
0%
西京区 松室庄田町
0%
西京区 松室田中町
0%
西京区 松室中溝町
0%
西京区 松室山添町
0%
西京区 山田上ノ町
0%
西京区 山田大吉見町
0%
西京区 山田御道路町
0%
西京区 山田北ノ町
0%
西京区 山田北山田町
0%
西京区 山田車塚町
0%
西京区 山田四ノ坪町
0%
西京区 山田庄田町
0%
西京区 山田弦馳町
0%
西京区 山田出口町
0%
西京区 山田中吉見町
0%
西京区 山田猫塚町
0%
西京区 山田箱塚町
0%
西京区 山田畑田町
0%
西京区 山田葉室町
0%
西京区 山田久田町
0%
西京区 山田平尾町
0%
西京区 山田開キ町
0%
西京区 山田南町
0%
西京区 山田南山田町
0%
西京区 山田六ノ坪町
0%
No matching quizzes found
Score Distribution
Percent of People with Each Score
Percentile by Number Answered
Your Score History
You have not taken this quiz